{"text_format":"3","workbook":"xlsx","n_sheets":18,"sheets":["Cover","Qual, Excl & Assum","Documents","Summary","Demolition","Superstructure","Structural Steelwork","Windows, Doors & Rooflights","Partitions","Joinery","Decoration","Floor finishes","Wall finishes","Kitchen & Bathrooms ","Electrical","Mechanical","Preliminaries","Details"],"not_rendered":{"images":1,"external_links":1,"defined_names":28},"read":"whole","date_system":"1900"}

{"sheet":"Cover","index":0,"n_rows":57,"n_cols":6,"rows_kept":57,"merged":[[24,5,25,14],[31,5,32,14],[37,5,40,14],[46,5,49,14],[56,5,57,14]]}
{"$rows_empty":24}
[{"$nulls":5},"ESTIMATE "]
[]
[]
[]
[]
[]
[]
[{"$nulls":5},"FOR"]
[]
[]
[]
[]
[]
[{"$nulls":5},"SCOPE: RENOVATION WORK"]
{"$rows_empty":8}
[{"$nulls":5},"PROJECT: ALTERATIONS TO 41 GREENSIDE STREET ROSEMARKIE, IV10 8AG"]
{"$rows_empty":9}
[{"$nulls":5},"DATE: 20TH NOVEMBER 2025"]

{"sheet":"Qual, Excl & Assum","index":1,"n_rows":72,"n_cols":2,"rows_kept":72}
[]
[null,{"$f":"Cover!F47","v":"PROJECT: ALTERATIONS TO 41 GREENSIDE STREET ROSEMARKIE, IV10 8AG"}]
[null,{"$f":"Cover!F57","v":"DATE: 20TH NOVEMBER 2025"}]
[]
[]
[null,"QUALIFICATIONS, ASSUMPTIONS & EXCLUSIONS:"]
[]
[1,"Qualifications:-"]
[]
[1.1,"Prices exclude VAT"]
[{"$f":"+A10+0.1","v":1.2000000000000002},"Pre-start meeting and site investigation will be required before commencement on site"]
[{"$f":"+A11+0.1","v":1.3000000000000003},"Provisional sums and PC Sums mentioned within the estimate are subject to re-measure and re-price "]
[1.4000000000000004,"Changes to drawings, design or specification which deviate from the information used as stated below may be subject to further cost"]
[1.5000000000000004,"Site inspections to be carried out, this may cause additions/omissions to the tender documents"]
[1.6000000000000005,"All quantities are re-measurable and used for indicative purposes only and are subject to re-measure once the project has commenced"]
[1.7000000000000006,"All M&E is provisional sum (as no detailed design has been provided) and a detailed design will be required in order to finalise costs"]
[1.8000000000000007,"We have assumed free unfettered access and normal working hours to the site"]
[1.9000000000000008,"The prices are valid for 8 weeks and we assume that works will commence within 12 weeks from the date of this estimate"]
[{"v":1.1,"d":"1.10"},"No level surveys have been provided so all excavation quantities are provisional"]
[1.11,"There may be some items where alternative specification is used and these may differ to the specification provided "]
[1.12,"Any items not mentioned within this estimate have been specifically excluded and will be subject to further costs"]
[]
[2,"The following items are to be organised and paid for by the client and are excluded from the total cost:"]
[]
[2.1,"Building insurance"]
[2.2,"Utility and council tax bills"]
[2.3,"Party Wall costs and complying with conditions"]
[2.4,"Building control and costs"]
[2.5,"Structural engineers' and building regulation details "]
[2.6,"Specialist surveys"]
[2.7,"Topographical surveys"]
[2.8,"CCTV drainage surveys"]
[2.9,"Asbestos surveys"]
[]
[3,"The following assumptions have been made in drawing up the costs:-"]
[]
[3.1,"Any items noted as install only are provisional sums, the install price is subject to change following specification being provided"]
[3.2,"Any items noted as client supply, the client will supply any adhesives or sundries required to get the works complete"]
[3.3,"Skips and rubbish removal are provisional quantity and are subject to re-measure"]
[3.4,"Drainage works are provisional sum as a full site survey will be required "]
[3.5,"Connection into existing drainage is provisional sum"]
[3.6,"Making good areas are subject to re-measure"]
[3.7,"All M&E is assumed and to be confirmed by client and specialist (Provisional Sum)"]
[3.8,"All excavations are machine dug, we have not allowed for hand excavation"]
[3.9,"All decoration is assumed mid range paint supply, prices do not cover premium paints"]
[{"v":3.1,"d":"3.10"},"All external works are provisional"]
[3.11,"All finishes have been assumed therefore they are provisional"]
[3.12,"All electrical points are PC Sum to supply until specification is provided"]
[3.13,"Due to a lack of details and specification all item have been assumed and to be confirmed"]
[3.14,"Structural timberwork and steelwork is provisional sum due to the lack of details"]
[3.15,"All internal wall build up has been assumed and to be confirmed"]
[3.16,"Size For Tiles Was Assumed "]
[3.17,"Partition Walls Assemblies Was Assumed"]
[]
[4,"No allowance has been made in this estimate for the following:"]
[]
[4.1,"Professional fees "]
[4.2,"Price and design risk"]
[4.3,"Inflation beyond the financial quarter of the date mentioned in this estimate"]
[4.4,"Contaminated ground, high water table, obstructions or build over agreements (services or drainage diversions)"]
[4.5,"Moving or altering existing services running over or under the site"]
[4.6,"Alterations or upgrades for incoming supplies or trenches"]
[4.7,"Floor finishes apart from the ones specified"]
[4.8,"Tin hat (temporary roof) to the scaffolding"]
[4.9,"Bespoke joinery"]
[{"v":4.1,"d":"4.10"},"Temporary works"]
[4.11,"Skip permits or parking permits"]
[4.12,"Internal foundations"]
[4.13,"Supply of windows, doors and rooflight"]
[4.14,"Supply of internal doors & ironmongery"]
[4.15,"Supply of skirting and architraves"]
[4.16,"A/C "]

{"sheet":"Documents","index":2,"n_rows":16,"n_cols":2,"rows_kept":16}
[]
[null,{"$f":"+Cover!A47","v":0}]
[null,{"$f":"+Cover!A57","v":"00:00:00"}]
[]
[null,"INFORMATION USED"]
[]
[null,"The information used in the preparation of this estimate are as listed below:"]
[]
[null,"Document reference:"]
[]
[null,"HR91-02-1001"]
[null,"HR91-02-1002"]
[null,"HR91-02-1003"]
[null,"HR91-02-1004"]
[null,"HR91-02-1005"]
[null,"PHOTOS"]

{"sheet":"Summary","index":3,"n_rows":38,"n_cols":12,"rows_kept":38,"merged":[[3,5,3,8],[4,1,4,3],[4,11,4,12]]}
[]
[null,{"$f":"Cover!F47","v":"PROJECT: ALTERATIONS TO 41 GREENSIDE STREET ROSEMARKIE, IV10 8AG"}]
[null,{"$f":"Cover!F57","v":"DATE: 20TH NOVEMBER 2025"}]
[{"$nulls":5},"TOTALS"]
[null,"SUMMARY ",{"$nulls":3},"LABOUR","MATERIALS","L MARKUP","M MARKUP",null,"Check",{"$f":"CheckMissingTabs(B7:B30)","v":{"$error":"#NAME?"}}]
[]
[null,"Demolition",null,{"$f":"+Demolition!F32","v":{"v":17171.097350000004,"d":"£17,171.10"}},null,{"$f":"+Demolition!K32","v":{"v":14931.389000000001,"d":"£14,931.39"}},{"$f":"+Demolition!L32","v":{"v":0,"d":"£0.00"}},{"$f":"+Demolition!M32","v":{"v":2239.708350000001,"d":"£2,239.71"}},{"$f":"+Demolition!N32","v":{"v":0,"d":"£0.00"}},null,{"$f":"+F7+G7+I7+H7-D7","v":{"v":0,"d":"£0.00"}}]
[]
[null,"Superstructure",null,{"$f":"+Superstructure!F28","v":{"v":18038.376488375,"d":"£18,038.38"}},null,{"$f":"+Superstructure!K28","v":{"v":4978.688272500001,"d":"£4,978.69"}},{"$f":"+Superstructure!L28","v":{"v":10706.856500000002,"d":"£10,706.86"}},{"$f":"+Superstructure!M28","v":{"v":746.8032408750003,"d":"£746.80"}},{"$f":"+Superstructure!N28","v":{"v":1606.0284750000003,"d":"£1,606.03"}},null,{"$f":"+F9+G9+I9+H9-D9","v":{"v":0,"d":"£0.00"}}]
[]
[null,"Structural Steelwork",null,{"$f":"+'Structural Steelwork'!F15","v":{"v":2614.7320000000004,"d":"£2,614.73"}},null,{"$f":"+'Structural Steelwork'!K15","v":{"v":721.6800000000001,"d":"£721.68"}},{"$f":"+'Structural Steelwork'!L15","v":{"v":1552,"d":"£1,552.00"}},{"$f":"+'Structural Steelwork'!M15","v":{"v":108.25200000000002,"d":"£108.25"}},{"$f":"+'Structural Steelwork'!N15","v":{"v":232.80000000000004,"d":"£232.80"}},null,{"$f":"+F11+G11+I11+H11-D11","v":{"v":0,"d":"£0.00"}}]
[]
[null,"Windows, Doors & Rooflights",null,{"$f":"+'Windows, Doors & Rooflights'!F16","v":{"v":2368.4249999999997,"d":"£2,368.43"}},null,{"$f":"+'Windows, Doors & Rooflights'!K16","v":{"v":2059.5,"d":"£2,059.50"}},{"$f":"+'Windows, Doors & Rooflights'!L16","v":{"v":0,"d":"£0.00"}},{"$f":"+'Windows, Doors & Rooflights'!M16","v":{"v":308.92500000000007,"d":"£308.93"}},{"$f":"+'Windows, Doors & Rooflights'!N16","v":{"v":0,"d":"£0.00"}},null,{"$f":"+F13+G13+I13+H13-D13","v":{"v":0,"d":"£0.00"}}]
[]
[null,"Partitions",null,{"$f":"+Partitions!F69","v":{"v":18980.366475134306,"d":"£18,980.37"}},null,{"$f":"+Partitions!K69","v":{"v":5238.6825409927005,"d":"£5,238.68"}},{"$f":"+Partitions!L69","v":{"v":11265.983959124087,"d":"£11,265.98"}},{"$f":"+Partitions!M69","v":{"v":785.8023811489054,"d":"£785.80"}},{"$f":"+Partitions!N69","v":{"v":1689.8975938686135,"d":"£1,689.90"}},null,{"$f":"+F15+G15+I15+H15-D15","v":{"v":0,"d":"£0.00"}}]
[]
[null,"Joinery",null,{"$f":"+Joinery!F18","v":{"v":3256.515832125,"d":"£3,256.52"}},null,{"$f":"+Joinery!K18","v":{"v":1174.7713975000001,"d":"£1,174.77"}},{"$f":"+Joinery!L18","v":{"v":1656.9815000000003,"d":"£1,656.98"}},{"$f":"+Joinery!M18","v":{"v":176.21570962500004,"d":"£176.22"}},{"$f":"+Joinery!N18","v":{"v":248.54722500000005,"d":"£248.55"}},null,{"$f":"+F17+G17+I17+H17-D17","v":{"v":0,"d":"£0.00"}}]
[]
[null,"Decoration",null,{"$f":"+Decoration!F23","v":{"v":15104.963075,"d":"£15,104.96"}},null,{"$f":"+Decoration!K23","v":{"v":4169.0505,"d":"£4,169.05"}},{"$f":"+Decoration!L23","v":{"v":8965.699999999999,"d":"£8,965.70"}},{"$f":"+Decoration!M23","v":{"v":625.3575750000001,"d":"£625.36"}},{"$f":"+Decoration!N23","v":{"v":1344.855,"d":"£1,344.86"}},null,{"$f":"+F19+G19+I19+H19-D19","v":{"v":0,"d":"£0.00"}}]
[]
[null,"Floor Finishes",null,{"$f":"+'Floor finishes'!F15","v":{"v":5687.547525,"d":"£5,687.55"}},null,{"$f":"+'Floor finishes'!K15","v":{"v":1569.7935,"d":"£1,569.79"}},{"$f":"+'Floor finishes'!L15","v":{"v":3375.9,"d":"£3,375.90"}},{"$f":"+'Floor finishes'!M15","v":{"v":235.46902500000007,"d":"£235.47"}},{"$f":"+'Floor finishes'!N15","v":{"v":506.38500000000005,"d":"£506.39"}},null,{"$f":"+F21+G21+I21+H21-D21","v":{"v":0,"d":"£0.00"}}]
[]
[null,"Wall Finishes",null,{"$f":"+'Wall finishes'!F14","v":{"v":2036.86275,"d":"£2,036.86"}},null,{"$f":"+'Wall finishes'!K14","v":{"v":562.1850000000001,"d":"£562.19"}},{"$f":"+'Wall finishes'!L14","v":{"v":1209,"d":"£1,209.00"}},{"$f":"+'Wall finishes'!M14","v":{"v":84.32775000000002,"d":"£84.33"}},{"$f":"+'Wall finishes'!N14","v":{"v":181.35000000000002,"d":"£181.35"}},null,{"$f":"+F23+G23+I23+H23-D23","v":{"v":0,"d":"£0.00"}}]
[]
[null,"Kitchens & Bathrooms",null,{"$f":"+'Kitchen & Bathrooms '!F18","v":{"v":14599.25,"d":"£14,599.25"}},null,{"$f":"+'Kitchen & Bathrooms '!K18","v":{"v":12695,"d":"£12,695.00"}},{"$f":"+'Kitchen & Bathrooms '!L18","v":{"v":0,"d":"£0.00"}},{"$f":"+'Kitchen & Bathrooms '!M18","v":{"v":1904.2500000000002,"d":"£1,904.25"}},{"$f":"+'Kitchen & Bathrooms '!N18","v":{"v":0,"d":"£0.00"}},null,{"$f":"+F25+G25+I25+H25-D25","v":{"v":0,"d":"£0.00"}}]
[]
[null,"Electrical",null,{"$f":"+Electrical!F18","v":{"v":14638.79275,"d":"£14,638.79"}},null,{"$f":"+Electrical!K18","v":{"v":4040.385,"d":"£4,040.39"}},{"$f":"+Electrical!L18","v":{"v":8689,"d":"£8,689.00"}},{"$f":"+Electrical!M18","v":{"v":606.05775,"d":"£606.06"}},{"$f":"+Electrical!N18","v":{"v":1303.3500000000004,"d":"£1,303.35"}},null,{"$f":"+F27+G27+I27+H27-D27","v":{"v":0,"d":"£0.00"}}]
[]
[null,"Mechanical",null,{"$f":"+Mechanical!F16","v":{"v":2328.75,"d":"£2,328.75"}},null,{"$f":"+Mechanical!K16","v":{"v":2025,"d":"£2,025.00"}},{"$f":"+Mechanical!L16","v":{"v":0,"d":"£0.00"}},{"$f":"+Mechanical!M16","v":{"v":303.75000000000006,"d":"£303.75"}},{"$f":"+Mechanical!N16","v":{"v":0,"d":"£0.00"}},null,{"$f":"+F29+G29+I29+H29-D29","v":{"v":0,"d":"£0.00"}}]
[]
[null,"SUB TOTAL",null,{"$f":"SUM(D6:D30)","v":{"v":116825.67924563432,"d":"£116,825.68"}},null,{"$f":"SUM(F6:F30)","v":{"v":54166.1252109927,"d":"£54,166.13"}},{"$f":"SUM(G6:G30)","v":{"v":47421.42195912409,"d":"£47,421.42"}},{"$f":"SUM(H6:H30)","v":{"v":8124.9187816489075,"d":"£8,124.92"}},{"$f":"SUM(I6:I30)","v":{"v":7113.213293868615,"d":"£7,113.21"}},null,{"$f":"+F31+G31+I31+H31-D31","v":{"v":0,"d":"£0.00"}}]
[]
[null,"Preliminaries",null,{"$f":"+Preliminaries!F24","v":{"v":14777.5,"d":"£14,777.50"}}]
[null,"OverHead Charges",null,{"v":0,"d":"£0.00"}]
[]
[null,"TOTAL COST (EXCLUDING VAT)",null,{"$f":"SUM(D31:D34)","v":{"v":131603.17924563432,"d":"131,603.18"}}]
[]
[null,"Anticipated Number of Weeks",{"$f":"+Preliminaries!J4","v":{"v":0,"d":"0.00"}},"Weeks"]

{"sheet":"Demolition","index":4,"n_rows":32,"n_cols":14,"rows_kept":32,"merged":[[4,6,4,9],[4,10,4,13]]}
[]
[null,{"$f":"+'Qual, Excl & Assum'!B2","v":"PROJECT: ALTERATIONS TO 41 GREENSIDE STREET ROSEMARKIE, IV10 8AG"}]
[null,{"$f":"+'Qual, Excl & Assum'!B3","v":"DATE: 20TH NOVEMBER 2025"}]
[]
[null,"Demolition",{"$nulls":4},"RATES",{"$nulls":3},"TOTALS"]
[]
[null,"Description","Quantity","Unit","Rate","Total","Labour","Materials","L Markup","M Markup","Labour","Materials","L Markup","M Markup"]
[null,"ARCHITECTURAL DEMO"]
[]
[1,"Internal Doors To Be Removed For Re-Installation",{"v":7,"d":"7.00"},"no.",{"$f":"G10+H10+J10+I10","v":{"v":98.4975,"d":"£98.50"}},{"$f":"E10*C10","v":{"v":689.4825000000001,"d":"£689.48"}},{"v":85.65,"d":"£85.65"},null,{"$f":"IF(D10=0,\" \",(G10)*(Details!$C$4+Details!$C$8))","v":{"v":12.847500000000002,"d":"£12.85"}},{"$f":"IF(D10=0,\" \",(H10)*(Details!$C$6+Details!$C$8))","v":{"v":0,"d":"£0.00"}},{"$f":"+G10*C10","v":{"v":599.5500000000001,"d":"£599.55"}},{"$f":"+H10*C10","v":{"v":0,"d":"£0.00"}},{"$f":"IF(D10=0,\" \",(I10*C10))","v":{"v":89.93250000000002,"d":"£89.93"}},{"$f":"IF(D10=0,\" \",(J10*C10))","v":{"v":0,"d":"£0.00"}}]
[{"$f":"IF(F11<>\"\",(LARGE(A$7:A10,1)+1),\"\")","v":2},"Wardrobe Sliding Door To Be Removed For Re-Installation",{"v":2,"d":"2.00"},"no.",{"v":132.825,"d":"£132.83"},{"v":265.65,"d":"£265.65"},{"v":115.5,"d":"£115.50"},null,{"$f":"IF(D11=0,\" \",(G11)*(Details!$C$4+Details!$C$8))","v":{"v":17.325000000000003,"d":"£17.33"}},{"$f":"IF(D11=0,\" \",(H11)*(Details!$C$6+Details!$C$8))","v":{"v":0,"d":"£0.00"}},{"v":231,"d":"£231.00"},{"v":0,"d":"£0.00"},{"v":34.650000000000006,"d":"£34.65"},{"v":0,"d":"£0.00"}]
[{"$f":"IF(F12<>\"\",(LARGE(A$7:A11,1)+1),\"\")","v":3},"Skirting To Be Removed",78.18,"m",{"v":7.4175,"d":"£7.42"},{"v":579.90015,"d":"£579.90"},{"v":6.45,"d":"£6.45"},null,{"$f":"IF(D12=0,\" \",(G12)*(Details!$C$4+Details!$C$8))","v":{"v":0.9675000000000001,"d":"£0.97"}},{"$f":"IF(D12=0,\" \",(H12)*(Details!$C$6+Details!$C$8))","v":{"v":0,"d":"£0.00"}},{"v":504.2610000000001,"d":"£504.26"},{"v":0,"d":"£0.00"},{"v":75.63915000000001,"d":"£75.64"},{"v":0,"d":"£0.00"}]
[{"$f":"IF(F13<>\"\",(LARGE(A$7:A12,1)+1),\"\")","v":4},"Wall Facing To Be Removed (2.74m H)",{"$f":"102.7*2.74","v":{"v":281.398,"d":"281.40"}},"m2",{"v":17.825,"d":"£17.83"},{"v":5015.91935,"d":"£5,015.92"},{"v":15.5,"d":"£15.50"},null,{"$f":"IF(D13=0,\" \",(G13)*(Details!$C$4+Details!$C$8))","v":{"v":2.325,"d":"£2.33"}},{"$f":"IF(D13=0,\" \",(H13)*(Details!$C$6+Details!$C$8))","v":{"v":0,"d":"£0.00"}},{"v":4361.669000000001,"d":"£4,361.67"},{"v":0,"d":"£0.00"},{"v":654.2503500000001,"d":"£654.25"},{"v":0,"d":"£0.00"}]
[{"$f":"IF(F14<>\"\",(LARGE(A$7:A13,1)+1),\"\")","v":5},"Internal Partition To Be Removed (2.74m H)",{"$f":"35.99*2.74","v":{"v":98.61260000000001,"d":"98.61"}},"m2",{"v":20.125,"d":"£20.13"},{"v":1984.5785750000002,"d":"£1,984.58"},{"v":17.5,"d":"£17.50"},null,{"$f":"IF(D14=0,\" \",(G14)*(Details!$C$4+Details!$C$8))","v":{"v":2.6250000000000004,"d":"£2.63"}},{"$f":"IF(D14=0,\" \",(H14)*(Details!$C$6+Details!$C$8))","v":{"v":0,"d":"£0.00"}},{"v":1725.7205000000004,"d":"£1,725.72"},{"v":0,"d":"£0.00"},{"v":258.8580750000001,"d":"£258.86"},{"v":0,"d":"£0.00"}]
[{"$f":"IF(F15<>\"\",(LARGE(A$7:A14,1)+1),\"\")","v":6},"Vinyl Floor Tiles Covering To Be Removed",64.61,"m2",{"v":22.1375,"d":"£22.14"},{"v":1430.3038749999998,"d":"£1,430.30"},{"v":19.25,"d":"£19.25"},null,{"$f":"IF(D15=0,\" \",(G15)*(Details!$C$4+Details!$C$8))","v":{"v":2.8875000000000006,"d":"£2.89"}},{"$f":"IF(D15=0,\" \",(H15)*(Details!$C$6+Details!$C$8))","v":{"v":0,"d":"£0.00"}},{"v":1243.7425,"d":"£1,243.74"},{"v":0,"d":"£0.00"},{"v":186.56137500000003,"d":"£186.56"},{"v":0,"d":"£0.00"}]
[{"$f":"IF(F16<>\"\",(LARGE(A$7:A15,1)+1),\"\")","v":7},"22mm Chipboard To Be Removed",73.99,"m2",{"$f":"G16+H16+J16+I16","v":{"v":11.672500000000001,"d":"£11.67"}},{"$f":"E16*C16","v":{"v":863.648275,"d":"£863.65"}},{"v":10.15,"d":"£10.15"},null,{"$f":"IF(D16=0,\" \",(G16)*(Details!$C$4+Details!$C$8))","v":{"v":1.5225000000000002,"d":"£1.52"}},{"$f":"IF(D16=0,\" \",(H16)*(Details!$C$6+Details!$C$8))","v":{"v":0,"d":"£0.00"}},{"$f":"+G16*C16","v":{"v":750.9984999999999,"d":"£751.00"}},{"$f":"+H16*C16","v":{"v":0,"d":"£0.00"}},{"$f":"IF(D16=0,\" \",(I16*C16))","v":{"v":112.649775,"d":"£112.65"}},{"$f":"IF(D16=0,\" \",(J16*C16))","v":{"v":0,"d":"£0.00"}}]
[{"$f":"IF(F17<>\"\",(LARGE(A$7:A16,1)+1),\"\")","v":8},"19mm Plasterboard To Be Removed",73.99,"m2",{"v":13.225,"d":"£13.23"},{"v":978.5177499999999,"d":"£978.52"},{"v":11.5,"d":"£11.50"},null,{"$f":"IF(D17=0,\" \",(G17)*(Details!$C$4+Details!$C$8))","v":{"v":1.7250000000000003,"d":"£1.73"}},{"$f":"IF(D17=0,\" \",(H17)*(Details!$C$6+Details!$C$8))","v":{"v":0,"d":"£0.00"}},{"v":850.885,"d":"£850.89"},{"v":0,"d":"£0.00"},{"v":127.63275000000002,"d":"£127.63"},{"v":0,"d":"£0.00"}]
[{"$f":"IF(F18<>\"\",(LARGE(A$7:A17,1)+1),\"\")","v":9},"Acoustic Battens To Be Removed",73.99,"m2",{"v":8.5675,"d":"£8.57"},{"v":633.909325,"d":"£633.91"},{"v":7.45,"d":"£7.45"},null,{"$f":"IF(D18=0,\" \",(G18)*(Details!$C$4+Details!$C$8))","v":{"v":1.1175000000000002,"d":"£1.12"}},{"$f":"IF(D18=0,\" \",(H18)*(Details!$C$6+Details!$C$8))","v":{"v":0,"d":"£0.00"}},{"v":551.2255,"d":"£551.23"},{"v":0,"d":"£0.00"},{"v":82.68382500000001,"d":"£82.68"},{"v":0,"d":"£0.00"}]
[{"$f":"IF(F19<>\"\",(LARGE(A$7:A18,1)+1),\"\")","v":10},"Acoustic Insulation To Be Removed",73.99,"m2",{"v":9.0275,"d":"£9.03"},{"v":667.944725,"d":"£667.94"},{"v":7.85,"d":"£7.85"},null,{"$f":"IF(D19=0,\" \",(G19)*(Details!$C$4+Details!$C$8))","v":{"v":1.1775000000000002,"d":"£1.18"}},{"$f":"IF(D19=0,\" \",(H19)*(Details!$C$6+Details!$C$8))","v":{"v":0,"d":"£0.00"}},{"v":580.8214999999999,"d":"£580.82"},{"v":0,"d":"£0.00"},{"v":87.123225,"d":"£87.12"},{"v":0,"d":"£0.00"}]
[{"$f":"IF(F20<>\"\",(LARGE(A$7:A19,1)+1),\"\")","v":11},"15mm OSB",73.99,"m2",{"v":9.7175,"d":"£9.72"},{"v":718.9978249999999,"d":"£719.00"},{"v":8.45,"d":"£8.45"},null,{"$f":"IF(D20=0,\" \",(G20)*(Details!$C$4+Details!$C$8))","v":{"v":1.2675,"d":"£1.27"}},{"$f":"IF(D20=0,\" \",(H20)*(Details!$C$6+Details!$C$8))","v":{"v":0,"d":"£0.00"}},{"v":625.2154999999999,"d":"£625.22"},{"v":0,"d":"£0.00"},{"v":93.782325,"d":"£93.78"},{"v":0,"d":"£0.00"}]
[{"$f":"IF(F21<>\"\",(LARGE(A$7:A20,1)+1),\"\")","v":""}]
[{"$f":"IF(F22<>\"\",(LARGE(A$7:A21,1)+1),\"\")","v":""},"MEP DEMO"]
[{"$f":"IF(F23<>\"\",(LARGE(A$7:A22,1)+1),\"\")","v":""}]
[{"$f":"IF(F24<>\"\",(LARGE(A$7:A23,1)+1),\"\")","v":12},"Batroom Units ( Water Closet, Basin & Bath Tub) To Be Removed\n Casrefully For Reinstallation",{"v":3,"d":"3.00"},"no.",{"$f":"G24+H24+J24+I24","v":{"v":182.39,"d":"£182.39"}},{"$f":"E24*C24","v":{"v":547.17,"d":"£547.17"}},{"v":158.6,"d":"£158.60"},null,{"$f":"IF(D24=0,\" \",(G24)*(Details!$C$4+Details!$C$8))","v":{"v":23.790000000000003,"d":"£23.79"}},{"$f":"IF(D24=0,\" \",(H24)*(Details!$C$6+Details!$C$8))","v":{"v":0,"d":"£0.00"}},{"$f":"+G24*C24","v":{"v":475.79999999999995,"d":"£475.80"}},{"$f":"+H24*C24","v":{"v":0,"d":"£0.00"}},{"$f":"IF(D24=0,\" \",(I24*C24))","v":{"v":71.37,"d":"£71.37"}},{"$f":"IF(D24=0,\" \",(J24*C24))","v":{"v":0,"d":"£0.00"}}]
[{"$f":"IF(F25<>\"\",(LARGE(A$7:A24,1)+1),\"\")","v":13},"Kitchen Units (Integrated Fridge Freezer, Dishwasher, Washing Machine\n, Oven, Hob & Cooker Hood) Te Be Removed Carefully For Reinstallation",{"v":6,"d":"6.00"},"no.",{"v":190.325,"d":"£190.33"},{"v":1141.9499999999998,"d":"£1,141.95"},{"v":165.5,"d":"£165.50"},null,{"$f":"IF(D25=0,\" \",(G25)*(Details!$C$4+Details!$C$8))","v":{"v":24.825000000000003,"d":"£24.83"}},{"$f":"IF(D25=0,\" \",(H25)*(Details!$C$6+Details!$C$8))","v":{"v":0,"d":"£0.00"}},{"v":993,"d":"£993.00"},{"v":0,"d":"£0.00"},{"v":148.95000000000002,"d":"£148.95"},{"v":0,"d":"£0.00"}]
[{"$f":"IF(F26<>\"\",(LARGE(A$7:A25,1)+1),\"\")","v":14},"Mistubishi Ecodan Cylinder To Be Disconnect & Kept Safe For Reinstallation",{"v":3,"d":"3.00"},"no.",{"$f":"G26+H26+J26+I26","v":{"v":193.775,"d":"£193.78"}},{"$f":"E26*C26","v":{"v":581.325,"d":"£581.33"}},{"v":168.5,"d":"£168.50"},null,{"$f":"IF(D26=0,\" \",(G26)*(Details!$C$4+Details!$C$8))","v":{"v":25.275000000000002,"d":"£25.28"}},{"$f":"IF(D26=0,\" \",(H26)*(Details!$C$6+Details!$C$8))","v":{"v":0,"d":"£0.00"}},{"$f":"+G26*C26","v":{"v":505.5,"d":"£505.50"}},{"$f":"+H26*C26","v":{"v":0,"d":"£0.00"}},{"$f":"IF(D26=0,\" \",(I26*C26))","v":{"v":75.825,"d":"£75.83"}},{"$f":"IF(D26=0,\" \",(J26*C26))","v":{"v":0,"d":"£0.00"}}]
[{"$f":"IF(F27<>\"\",(LARGE(A$7:A26,1)+1),\"\")","v":15},"Radiators To Be Un-Installed & Kept Safe For Reinstallation",{"v":2,"d":"2.00"},"no.",{"v":144.325,"d":"£144.33"},{"v":288.65,"d":"£288.65"},{"v":125.5,"d":"£125.50"},null,{"$f":"IF(D27=0,\" \",(G27)*(Details!$C$4+Details!$C$8))","v":{"v":18.825000000000003,"d":"£18.83"}},{"$f":"IF(D27=0,\" \",(H27)*(Details!$C$6+Details!$C$8))","v":{"v":0,"d":"£0.00"}},{"v":251,"d":"£251.00"},{"v":0,"d":"£0.00"},{"v":37.650000000000006,"d":"£37.65"},{"v":0,"d":"£0.00"}]
[{"$f":"IF(F28<>\"\",(LARGE(A$7:A27,1)+1),\"\")","v":16},"Electrical Sockets & Switches To Be Removed  & Kept Aside For Re-Installation",{"v":46,"d":"46.00"},"no.",{"v":14.375,"d":"£14.38"},{"v":661.25,"d":"£661.25"},{"v":12.5,"d":"£12.50"},null,{"$f":"IF(D28=0,\" \",(G28)*(Details!$C$4+Details!$C$8))","v":{"v":1.8750000000000002,"d":"£1.88"}},{"$f":"IF(D28=0,\" \",(H28)*(Details!$C$6+Details!$C$8))","v":{"v":0,"d":"£0.00"}},{"v":575,"d":"£575.00"},{"v":0,"d":"£0.00"},{"v":86.25000000000001,"d":"£86.25"},{"v":0,"d":"£0.00"}]
[{"$f":"IF(F29<>\"\",(LARGE(A$7:A28,1)+1),\"\")","v":17},"All Pipes For First Floor To Be Disconnect",{"v":4,"d":"4.00"},"no.",{"$f":"G29+H29+J29+I29","v":{"v":30.475,"d":"£30.48"}},{"$f":"E29*C29","v":{"v":121.9,"d":"£121.90"}},{"v":26.5,"d":"£26.50"},null,{"$f":"IF(D29=0,\" \",(G29)*(Details!$C$4+Details!$C$8))","v":{"v":3.9750000000000005,"d":"£3.98"}},{"$f":"IF(D29=0,\" \",(H29)*(Details!$C$6+Details!$C$8))","v":{"v":0,"d":"£0.00"}},{"$f":"+G29*C29","v":{"v":106,"d":"£106.00"}},{"$f":"+H29*C29","v":{"v":0,"d":"£0.00"}},{"$f":"IF(D29=0,\" \",(I29*C29))","v":{"v":15.900000000000002,"d":"£15.90"}},{"$f":"IF(D29=0,\" \",(J29*C29))","v":{"v":0,"d":"£0.00"}}]
[{"$f":"IF(F30<>\"\",(LARGE(A$7:A29,1)+1),\"\")","v":""}]
[{"$f":"IF(F31<>\"\",(LARGE(A$7:A8,1)+1),\"\")","v":""},{"$nulls":8},{"$f":"IF(D31=0,\" \",(G31+H31)*(Details!$C$4+Details!$C$6))","v":" "}]
[{"$nulls":4},"Sub Total",{"$f":"SUM(F8:F31)","v":{"v":17171.097350000004,"d":"£17,171.10"}},{"$nulls":4},{"$f":"SUM(K8:K31)","v":{"v":14931.389000000001,"d":"£14,931.39"}},{"$f":"SUM(L8:L31)","v":{"v":0,"d":"£0.00"}},{"$f":"SUM(M8:M31)","v":{"v":2239.708350000001,"d":"£2,239.71"}},{"$f":"SUM(N8:N31)","v":{"v":0,"d":"£0.00"}}]

{"sheet":"Superstructure","index":5,"n_rows":29,"n_cols":14,"rows_kept":29,"merged":[[4,6,4,9],[4,10,4,13]]}
[]
[null,{"$f":"+'Qual, Excl & Assum'!B2","v":"PROJECT: ALTERATIONS TO 41 GREENSIDE STREET ROSEMARKIE, IV10 8AG"}]
[null,{"$f":"+'Qual, Excl & Assum'!B3","v":"DATE: 20TH NOVEMBER 2025"}]
[]
[null,"Superstructure",{"$nulls":4},"RATES",{"$nulls":3},"TOTALS"]
[]
[null,"Description","Quantity","Unit","Rate","Total","Labour","Materials","L Markup","M Markup","Labour","Materials","L Markup","M Markup"]
[{"$nulls":13},{"$f":"IF(D8=0,\" \",(J8*C8))","v":" "}]
[{"$f":"IF(F9<>\"\",(LARGE(A$4:A8,1)+1),\"\")","v":""},"Floor Framing",{"$nulls":11}," "]
[{"$f":"IF(F10<>\"\",(LARGE(A$4:A9,1)+1),\"\")","v":""},{"$nulls":12}," "]
[1,"KNAUF GIFAFloor FHB 25mm",77.31,"m2",{"$f":"G11+H11+J11+I11","v":{"v":74.971375,"d":"£74.97"}},{"$f":"E11*C11","v":{"v":5796.03700125,"d":"£5,796.04"}},{"v":20.692500000000003,"d":"£20.69"},{"v":44.5,"d":"£44.50"},{"$f":"IF(D11=0,\" \",(G11)*(Details!$C$4+Details!$C$8))","v":{"v":3.103875000000001,"d":"£3.10"}},{"$f":"IF(D11=0,\" \",(H11)*(Details!$C$6+Details!$C$8))","v":{"v":6.675000000000001,"d":"£6.68"}},{"$f":"+G11*C11","v":{"v":1599.7371750000002,"d":"£1,599.74"}},{"$f":"+H11*C11","v":{"v":3440.295,"d":"£3,440.30"}},{"$f":"IF(D11=0,\" \",(I11*C11))","v":{"v":239.96057625000006,"d":"£239.96"}},{"$f":"IF(D11=0,\" \",(J11*C11))","v":{"v":516.04425,"d":"£516.04"}}]
[{"$f":"IF(F12<>\"\",(LARGE(A$4:A11,1)+1),\"\")","v":2},"18mm Thick OSB 3, T&G",77.31,"m2",{"$f":"G12+H12+J12+I12","v":{"v":21.059375,"d":"£21.06"}},{"$f":"E12*C12","v":{"v":1628.10028125,"d":"£1,628.10"}},{"v":5.8125,"d":"£5.81"},{"v":12.5,"d":"£12.50"},{"$f":"IF(D12=0,\" \",(G12)*(Details!$C$4+Details!$C$8))","v":{"v":0.8718750000000002,"d":"£0.87"}},{"$f":"IF(D12=0,\" \",(H12)*(Details!$C$6+Details!$C$8))","v":{"v":1.8750000000000002,"d":"£1.88"}},{"$f":"+G12*C12","v":{"v":449.364375,"d":"£449.36"}},{"$f":"+H12*C12","v":{"v":966.375,"d":"£966.38"}},{"$f":"IF(D12=0,\" \",(I12*C12))","v":{"v":67.40465625000002,"d":"£67.40"}},{"v":144.95625,"d":"£144.96"}]
[{"$f":"IF(F13<>\"\",(LARGE(A$4:A12,1)+1),\"\")","v":3},"100mm Mineral Wool Quilt Insulation",77.31,"m2",{"$f":"G13+H13+J13+I13","v":{"v":26.113625,"d":"£26.11"}},{"$f":"E13*C13","v":{"v":2018.8443487499999,"d":"£2,018.84"}},{"v":7.2075000000000005,"d":"£7.21"},{"v":15.5,"d":"£15.50"},{"$f":"IF(D13=0,\" \",(G13)*(Details!$C$4+Details!$C$8))","v":{"v":1.0811250000000003,"d":"£1.08"}},{"$f":"IF(D13=0,\" \",(H13)*(Details!$C$6+Details!$C$8))","v":{"v":2.325,"d":"£2.33"}},{"$f":"+G13*C13","v":{"v":557.2118250000001,"d":"£557.21"}},{"$f":"+H13*C13","v":{"v":1198.305,"d":"£1,198.31"}},{"$f":"IF(D13=0,\" \",(I13*C13))","v":{"v":83.58177375000002,"d":"£83.58"}},{"$f":"IF(D13=0,\" \",(J13*C13))","v":{"v":179.74575000000002,"d":"£179.75"}}]
[{"$f":"IF(F14<>\"\",(LARGE(A$4:A13,1)+1),\"\")","v":4},"45x75mm Deep C16 Acoustic Battens To Be Installed @ 400mm C/C w/\n 6x50mmRegupol Sonus 3912 isolation strip",{"$f":"78/0.4","v":{"v":195,"d":"195.00"}},"m",{"v":14.573087500000002,"d":"£14.57"},{"v":2841.7520625,"d":"£2,841.75"},{"v":4.0222500000000005,"d":"£4.02"},{"v":8.65,"d":"£8.65"},{"$f":"IF(D14=0,\" \",(G14)*(Details!$C$4+Details!$C$8))","v":{"v":0.6033375000000002,"d":"£0.60"}},{"$f":"IF(D14=0,\" \",(H14)*(Details!$C$6+Details!$C$8))","v":{"v":1.2975000000000003,"d":"£1.30"}},{"v":784.3387500000001,"d":"£784.34"},{"v":1686.75,"d":"£1,686.75"},{"v":117.65081250000004,"d":"£117.65"},{"v":253.01250000000007,"d":"£253.01"}]
[{"$f":"IF(F15<>\"\",(LARGE(A$4:A14,1)+1),\"\")","v":""},{"$nulls":7},{"$f":"IF(D15=0,\" \",(G15)*(Details!$C$4+Details!$C$8))","v":" "},{"$f":"IF(D15=0,\" \",(H15)*(Details!$C$6+Details!$C$8))","v":" "},{"$nulls":3},{"$f":"IF(D15=0,\" \",(J15*C15))","v":" "}]
[{"$f":"IF(F16<>\"\",(LARGE(A$4:A15,1)+1),\"\")","v":""},"Joist"]
[{"$f":"IF(F17<>\"\",(LARGE(A$4:A16,1)+1),\"\")","v":5},"47x245 C24 Solid Joists @ 600mm O.C. (77 m2)",{"$f":"77/0.6","v":{"v":128.33333333333334,"d":"128.33"}},"m",{"$f":"G17+H17+J17+I17","v":{"v":32.852625,"d":"£32.85"}},{"$f":"E17*C17","v":{"v":4216.086875000001,"d":"£4,216.09"}},{"v":9.0675,"d":"£9.07"},{"v":19.5,"d":"£19.50"},{"$f":"IF(D17=0,\" \",(G17)*(Details!$C$4+Details!$C$8))","v":{"v":1.3601250000000003,"d":"£1.36"}},{"$f":"IF(D17=0,\" \",(H17)*(Details!$C$6+Details!$C$8))","v":{"v":2.9250000000000003,"d":"£2.93"}},{"$f":"+G17*C17","v":{"v":1163.6625000000001,"d":"£1,163.66"}},{"$f":"+H17*C17","v":{"v":2502.5,"d":"£2,502.50"}},{"$f":"IF(D17=0,\" \",(I17*C17))","v":{"v":174.54937500000005,"d":"£174.55"}},{"$f":"IF(D17=0,\" \",(J17*C17))","v":{"v":375.37500000000006,"d":"£375.38"}}]
[{"$f":"IF(F18<>\"\",(LARGE(A$4:A17,1)+1),\"\")","v":""}]
[{"$f":"IF(F19<>\"\",(LARGE(A$4:A18,1)+1),\"\")","v":""},"Noggings/Dwangs"]
[{"$f":"IF(F20<>\"\",(LARGE(A$4:A19,1)+1),\"\")","v":""}]
[{"$f":"IF(F21<>\"\",(LARGE(A$4:A20,1)+1),\"\")","v":6},"45x50mm Noggings",5.91,"m",{"$f":"G21+H21+J21+I21","v":{"v":24.681587500000003,"d":"£24.68"}},{"$f":"E21*C21","v":{"v":145.86818212500003,"d":"£145.87"}},{"v":6.812250000000001,"d":"£6.81"},{"v":14.65,"d":"£14.65"},{"$f":"IF(D21=0,\" \",(G21)*(Details!$C$4+Details!$C$8))","v":{"v":1.0218375000000002,"d":"£1.02"}},{"$f":"IF(D21=0,\" \",(H21)*(Details!$C$6+Details!$C$8))","v":{"v":2.1975000000000002,"d":"£2.20"}},{"$f":"+G21*C21","v":{"v":40.2603975,"d":"£40.26"}},{"$f":"+H21*C21","v":{"v":86.5815,"d":"£86.58"}},{"$f":"IF(D21=0,\" \",(I21*C21))","v":{"v":6.039059625000001,"d":"£6.04"}},{"$f":"IF(D21=0,\" \",(J21*C21))","v":{"v":12.987225000000002,"d":"£12.99"}}]
[{"$f":"IF(F22<>\"\",(LARGE(A$4:A21,1)+1),\"\")","v":7},"Full Height Dwangs @ 1.2m O.C.",{"$f":"(2.74/1.2)*15","v":{"v":34.25000000000001,"d":"34.25"}},"m",{"$f":"G22+H22+J22+I22","v":{"v":27.29295,"d":"£27.29"}},{"$f":"E22*C22","v":{"v":934.7835375000002,"d":"£934.78"}},{"v":7.533,"d":"£7.53"},{"v":16.2,"d":"£16.20"},{"$f":"IF(D22=0,\" \",(G22)*(Details!$C$4+Details!$C$8))","v":{"v":1.1299500000000002,"d":"£1.13"}},{"$f":"IF(D22=0,\" \",(H22)*(Details!$C$6+Details!$C$8))","v":{"v":2.43,"d":"£2.43"}},{"$f":"+G22*C22","v":{"v":258.00525000000005,"d":"£258.01"}},{"$f":"+H22*C22","v":{"v":554.8500000000001,"d":"£554.85"}},{"$f":"IF(D22=0,\" \",(I22*C22))","v":{"v":38.70078750000002,"d":"£38.70"}},{"$f":"IF(D22=0,\" \",(J22*C22))","v":{"v":83.22750000000002,"d":"£83.23"}}]
[{"$f":"IF(F23<>\"\",(LARGE(A$4:A22,1)+1),\"\")","v":""}]
[{"$f":"IF(F24<>\"\",(LARGE(A$4:A23,1)+1),\"\")","v":""},"Simpson Hanger"]
[{"$f":"IF(F25<>\"\",(LARGE(A$4:A24,1)+1),\"\")","v":""}]
[{"$f":"IF(F26<>\"\",(LARGE(A$4:A25,1)+1),\"\")","v":8},"Simpson Strong-Tie Joist Hanger Type JHA270",{"v":6,"d":"6.00"},"no.",{"$f":"G26+H26+J26+I26","v":{"v":76.1507,"d":"£76.15"}},{"$f":"E26*C26","v":{"v":456.9042,"d":"£456.90"}},{"v":21.018,"d":"£21.02"},{"v":45.2,"d":"£45.20"},{"$f":"IF(D26=0,\" \",(G26)*(Details!$C$4+Details!$C$8))","v":{"v":3.1527000000000007,"d":"£3.15"}},{"$f":"IF(D26=0,\" \",(H26)*(Details!$C$6+Details!$C$8))","v":{"v":6.780000000000001,"d":"£6.78"}},{"$f":"+G26*C26","v":{"v":126.108,"d":"£126.11"}},{"$f":"+H26*C26","v":{"v":271.20000000000005,"d":"£271.20"}},{"$f":"IF(D26=0,\" \",(I26*C26))","v":{"v":18.916200000000003,"d":"£18.92"}},{"$f":"IF(D26=0,\" \",(J26*C26))","v":{"v":40.68000000000001,"d":"£40.68"}}]
[{"$f":"IF(F27<>\"\",(LARGE(A$7:A26,1)+1),\"\")","v":""}]
[{"$nulls":4},"Sub Total",{"$f":"SUM(F8:F27)","v":{"v":18038.376488375,"d":"£18,038.38"}},{"$nulls":3},{"$f":"IF(D28=0,\" \",(G28+H28)*(Details!$C$4+Details!$C$6))","v":" "},{"$f":"SUM(K8:K27)","v":{"v":4978.688272500001,"d":"£4,978.69"}},{"$f":"SUM(L8:L27)","v":{"v":10706.856500000002,"d":"£10,706.86"}},{"$f":"SUM(M8:M27)","v":{"v":746.8032408750003,"d":"£746.80"}},{"$f":"SUM(N8:N27)","v":{"v":1606.0284750000003,"d":"£1,606.03"}}]
[{"$f":"IF(D29=0,\" \",(LARGE(A$9:A28,1)+1))","v":" "},{"$nulls":8},{"$f":"IF(D29=0,\" \",(G29+H29)*(Details!$C$4+Details!$C$6))","v":" "}]

{"sheet":"Structural Steelwork","index":6,"n_rows":16,"n_cols":40,"rows_kept":16,"merged":[[4,6,4,9],[4,10,4,13]]}
[]
[null,{"$f":"+'Qual, Excl & Assum'!B2","v":"PROJECT: ALTERATIONS TO 41 GREENSIDE STREET ROSEMARKIE, IV10 8AG"}]
[null,{"$f":"+'Qual, Excl & Assum'!B3","v":"DATE: 20TH NOVEMBER 2025"}]
[]
[null,"Structural Steelwork & Timberwork",{"$nulls":4},"RATES",{"$nulls":3},"TOTALS"]
[]
[null,"Description","Quantity","Unit","Rate","Total","Labour","Materials","L Markup","M Markup","Labour","Materials","L Markup","M Markup"]
[{"$f":"IF(F8<>\"\",(LARGE(A$7:A7,1)+1),\"\")","v":""},{"$nulls":8},{"$f":"IF(D8=0,\" \",(G8+H8)*(Details!$C$4))","v":" "},{"$nulls":3},{"$f":"IF(D8=0,\" \",(J8*C8))","v":" "}]
[{"$f":"IF(F9<>\"\",(LARGE(A$7:A8,1)+1),\"\")","v":""},"STRUCTURAL STEELWORK",{"$nulls":23},{"$f":"IF(F9<>\"\",(LARGE(A$7:A8,1)+1),\"\")","v":""},"STRUCTURAL STEELWORK"]
[]
[{"$f":"IF(F11<>\"\",(LARGE(A$7:A10,1)+1),\"\")","v":""},"Strap",{"$nulls":23},{"$f":"IF(F11<>\"\",(LARGE(A$7:A10,1)+1),\"\")","v":""},{"$nulls":13},"KG/M"]
[]
[1,"28x4mm Pre-Galvanised Mild Steel Straps @ 1.2m O.C.\r\n(1.9m L)",{"v":32,"d":"32.00"},"no.",{"$f":"G13+H13+J13+I13","v":{"v":81.71037500000001,"d":"£81.71"}},{"$f":"E13*C13","v":{"v":2614.7320000000004,"d":"£2,614.73"}},{"v":22.552500000000002,"d":"£22.55"},{"v":48.5,"d":"£48.50"},{"$f":"IF(D13=0,\" \",(G13)*([1]Details!$C$4+[1]Details!$C$8))","v":{"v":3.3828750000000007,"d":"£3.38"}},{"$f":"IF(D13=0,\" \",(H13)*([1]Details!$C$6+[1]Details!$C$8))","v":{"v":7.275000000000001,"d":"£7.28"}},{"$f":"+G13*C13","v":{"v":721.6800000000001,"d":"£721.68"}},{"$f":"+H13*C13","v":{"v":1552,"d":"£1,552.00"}},{"$f":"IF(D13=0,\" \",(I13*C13))","v":{"v":108.25200000000002,"d":"£108.25"}},{"$f":"IF(D13=0,\" \",(J13*C13))","v":{"v":232.80000000000004,"d":"£232.80"}},{"$nulls":11},1,null,null,"m",{"$f":"G13+H13+J13+I13","v":{"v":81.71037500000001,"d":"£81.71"}},{"$f":"E13*C13","v":{"v":2614.7320000000004,"d":"£2,614.73"}},{"$f":"O13*1.75*[1]Details!$M$36","v":{"v":0,"d":"£0.00"}},{"$f":"O13*3+500/1000*O13*C13","v":{"v":0,"d":"£0.00"}},{"$f":"IF(D13=0,\" \",(G13)*([1]Details!$C$4+[1]Details!$C$8))","v":{"v":3.3828750000000007,"d":"£3.38"}},{"$f":"IF(D13=0,\" \",(H13)*([1]Details!$C$6+[1]Details!$C$8))","v":{"v":7.275000000000001,"d":"£7.28"}},{"$f":"+G13*C13","v":{"v":721.6800000000001,"d":"£721.68"}},{"$f":"+H13*C13","v":{"v":1552,"d":"£1,552.00"}},{"$f":"IF(D13=0,\" \",(I13*C13))","v":{"v":108.25200000000002,"d":"£108.25"}},{"$f":"IF(D13=0,\" \",(J13*C13))","v":{"v":232.80000000000004,"d":"£232.80"}},0]
[{"$f":"IF(F14<>\"\",(LARGE(A$7:A13,1)+1),\"\")","v":""}]
[{"$nulls":4},"Sub Total",{"$f":"SUM(F8:F13)","v":{"v":2614.7320000000004,"d":"£2,614.73"}},{"$nulls":3},{"$f":"IF(D15=0,\" \",(G15+H15)*(Details!$C$4+Details!$C$6))","v":" "},{"$f":"SUM(K8:K14)","v":{"v":721.6800000000001,"d":"£721.68"}},{"$f":"SUM(L8:L14)","v":{"v":1552,"d":"£1,552.00"}},{"$f":"SUM(M8:M14)","v":{"v":108.25200000000002,"d":"£108.25"}},{"$f":"SUM(N8:N14)","v":{"v":232.80000000000004,"d":"£232.80"}}]
[{"$f":"IF(D16=0,\" \",(LARGE(A$8:A15,1)+1))","v":" "},{"$nulls":8},{"$f":"IF(D16=0,\" \",(G16+H16)*(Details!$C$4+Details!$C$6))","v":" "}]

{"sheet":"Windows, Doors & Rooflights","index":7,"n_rows":17,"n_cols":19,"rows_kept":17,"merged":[[5,6,5,9],[5,10,5,13]]}
[{"$nulls":18},{"v":1,"d":"1.00"}]
[null,{"$f":"+'Qual, Excl & Assum'!B2","v":"PROJECT: ALTERATIONS TO 41 GREENSIDE STREET ROSEMARKIE, IV10 8AG"}]
[null,{"$f":"+'Qual, Excl & Assum'!B3","v":"DATE: 20TH NOVEMBER 2025"},{"$nulls":15},"Rooflights"]
[{"$nulls":17},{"v":800,"d":"800.00"}]
[]
[null,"External Windows, Doors and Rooflights",{"$nulls":4},"RATES",{"$nulls":3},"TOTALS"]
[]
[null,"Description","Quantity","Unit","Rate","Total","Labour","Materials","L Markup","M Markup","Labour","Materials","L Markup","M Markup"]
[{"$nulls":13},{"$f":"IF(D9=0,\" \",(J9*C9))","v":" "}]
[null,"INTERNAL DOORS",{"$nulls":11}," "]
[{"$nulls":13}," "]
[1,"Re-Install Wardrobe Sliding Door",{"v":2,"d":"2.00"},"no.",{"$f":"G12+H12+J12+I12","v":{"v":316.825,"d":"£316.83"}},{"$f":"E12*C12","v":{"v":633.65,"d":"£633.65"}},{"v":275.5,"d":"£275.50"},null,{"$f":"IF(D12=0,\" \",(G12)*(Details!$C$4+Details!$C$8))","v":{"v":41.325,"d":"£41.33"}},{"$f":"IF(D12=0,\" \",(H12)*(Details!$C$6+Details!$C$8))","v":{"v":0,"d":"£0.00"}},{"$f":"+G12*C12","v":{"v":551,"d":"£551.00"}},{"$f":"+H12*C12","v":{"v":0,"d":"£0.00"}},{"$f":"IF(D12=0,\" \",(I12*C12))","v":{"v":82.65,"d":"£82.65"}},{"$f":"IF(D12=0,\" \",(J12*C12))","v":{"v":0,"d":"£0.00"}}]
[{"$f":"IF(D13<>\"\",(LARGE(A$8:A12,1)+1),\"\")","v":2},"Re-Installl All Internal SIngle Leaf Door",{"v":7,"d":"7.00"},"no.",{"$f":"G13+H13+J13+I13","v":{"v":247.825,"d":"£247.83"}},{"$f":"E13*C13","v":{"v":1734.7749999999999,"d":"£1,734.78"}},{"v":215.5,"d":"£215.50"},null,{"$f":"IF(D13=0,\" \",(G13)*(Details!$C$4+Details!$C$8))","v":{"v":32.325,"d":"£32.33"}},{"$f":"IF(D13=0,\" \",(H13)*(Details!$C$6+Details!$C$8))","v":{"v":0,"d":"£0.00"}},{"$f":"+G13*C13","v":{"v":1508.5,"d":"£1,508.50"}},{"$f":"+H13*C13","v":{"v":0,"d":"£0.00"}},{"$f":"IF(D13=0,\" \",(I13*C13))","v":{"v":226.27500000000003,"d":"£226.28"}},{"$f":"IF(D13=0,\" \",(J13*C13))","v":{"v":0,"d":"£0.00"}}]
[{"$f":"IF(D14<>\"\",(LARGE(A$8:A13,1)+1),\"\")","v":""}]
[{"$f":"IF(D15<>\"\",(LARGE(A$8:A14,1)+1),\"\")","v":""},{"$nulls":7},{"$f":"IF(D15=0,\" \",(G15)*(Details!$C$4+Details!$C$8))","v":" "},{"$f":"IF(D15=0,\" \",(H15)*(Details!$C$6+Details!$C$8))","v":" "}]
[{"$f":"IF(D16=0,\" \",(LARGE(A$10:A15,1)+1))","v":" "},{"$nulls":3},"Sub Total",{"$f":"SUM(F9:F15)","v":{"v":2368.4249999999997,"d":"£2,368.43"}},{"$nulls":3},{"$f":"IF(D16=0,\" \",(G16+H16)*(Details!$C$4+Details!$C$6))","v":" "},{"$f":"SUM(K9:K15)","v":{"v":2059.5,"d":"£2,059.50"}},{"$f":"SUM(L9:L15)","v":{"v":0,"d":"£0.00"}},{"$f":"SUM(M9:M15)","v":{"v":308.92500000000007,"d":"£308.93"}},{"$f":"SUM(N9:N15)","v":{"v":0,"d":"£0.00"}}]
[{"$nulls":9},{"$f":"IF(D17=0,\" \",(G17+H17)*(Details!$C$4+Details!$C$6))","v":" "}]

{"sheet":"Partitions","index":8,"n_rows":70,"n_cols":14,"rows_kept":70,"merged":[[4,6,4,9],[4,10,4,13]]}
[]
[null,{"$f":"+'Qual, Excl & Assum'!B2","v":"PROJECT: ALTERATIONS TO 41 GREENSIDE STREET ROSEMARKIE, IV10 8AG"}]
[null,{"$f":"+'Qual, Excl & Assum'!B3","v":"DATE: 20TH NOVEMBER 2025"}]
[]
[null,"Internal Walls and Partitions",{"$nulls":4},"RATES",{"$nulls":3},"TOTALS"]
[]
[null,"Description","Quantity","Unit","Rate","Total","Labour","Materials","L Markup","M Markup","Labour","Materials","L Markup","M Markup"]
[{"$nulls":13},{"$f":"IF(D8=0,\" \",(J8*C8))","v":" "}]
[null,"STUDWORK PARTITIONS"]
[]
[{"$f":"IF(F11<>\"\",(LARGE(A$7:A8,1)+1),\"\")","v":""},"35x60mm Int. Wall (2.74m H)",{"v":21,"d":"21.00"},"m"]
[]
[1,"35x60mm Timber Stud Wall @ 400 C.C.",{"$f":"C11/(0.4*2.74)","v":{"v":19.16058394160584,"d":"19.16"}},"m",{"$f":"G13+H13+J13+I13","v":{"v":26.113625,"d":"£26.11"}},{"$f":"E13*C13","v":{"v":500.3523038321168,"d":"£500.35"}},{"v":7.2075000000000005,"d":"£7.21"},{"v":15.5,"d":"£15.50"},{"$f":"IF(D13=0,\" \",(G13)*(Details!$C$4+Details!$C$8))","v":{"v":1.0811250000000003,"d":"£1.08"}},{"$f":"IF(D13=0,\" \",(H13)*(Details!$C$6+Details!$C$8))","v":{"v":2.325,"d":"£2.33"}},{"$f":"+G13*C13","v":{"v":138.0999087591241,"d":"£138.10"}},{"$f":"+H13*C13","v":{"v":296.9890510948905,"d":"£296.99"}},{"$f":"IF(D13=0,\" \",(I13*C13))","v":{"v":20.714986313868618,"d":"£20.71"}},{"$f":"IF(D13=0,\" \",(J13*C13))","v":{"v":44.54835766423358,"d":"£44.55"}}]
[{"$f":"IF(F14<>\"\",(LARGE(A$7:A13,1)+1),\"\")","v":2},"Timber Head Plate",{"$f":"C11*2","v":{"v":42,"d":"42.00"}},"m",{"v":26.113625,"d":"£26.11"},{"v":1096.77225,"d":"£1,096.77"},{"v":7.2075000000000005,"d":"£7.21"},{"v":15.5,"d":"£15.50"},{"$f":"IF(D14=0,\" \",(G14)*(Details!$C$4+Details!$C$8))","v":{"v":1.0811250000000003,"d":"£1.08"}},{"$f":"IF(D14=0,\" \",(H14)*(Details!$C$6+Details!$C$8))","v":{"v":2.325,"d":"£2.33"}},{"v":302.71500000000003,"d":"£302.72"},{"v":651,"d":"£651.00"},{"v":45.40725000000001,"d":"£45.41"},{"v":97.65,"d":"£97.65"}]
[{"$f":"IF(F15<>\"\",(LARGE(A$7:A14,1)+1),\"\")","v":3},"Timber Sole Plate",{"$f":"C11*1","v":{"v":21,"d":"21.00"}},"m",{"v":26.113625,"d":"£26.11"},{"v":548.386125,"d":"£548.39"},{"v":7.2075000000000005,"d":"£7.21"},{"v":15.5,"d":"£15.50"},{"$f":"IF(D15=0,\" \",(G15)*(Details!$C$4+Details!$C$8))","v":{"v":1.0811250000000003,"d":"£1.08"}},{"$f":"IF(D15=0,\" \",(H15)*(Details!$C$6+Details!$C$8))","v":{"v":2.325,"d":"£2.33"}},{"v":151.35750000000002,"d":"£151.36"},{"v":325.5,"d":"£325.50"},{"v":22.703625000000006,"d":"£22.70"},{"v":48.825,"d":"£48.83"}]
[{"$f":"IF(F16<>\"\",(LARGE(A$7:A15,1)+1),\"\")","v":4},"Mineral Wool Acoustic Insulation (50mm Thick)",{"$f":"C11*2.74","v":{"v":57.540000000000006,"d":"57.54"}},"m2",{"v":22.3229375,"d":"£22.32"},{"v":1284.4618237500001,"d":"£1,284.46"},{"v":6.16125,"d":"£6.16"},{"v":13.25,"d":"£13.25"},{"$f":"IF(D16=0,\" \",(G16)*(Details!$C$4+Details!$C$8))","v":{"v":0.9241875000000002,"d":"£0.92"}},{"$f":"IF(D16=0,\" \",(H16)*(Details!$C$6+Details!$C$8))","v":{"v":1.9875000000000003,"d":"£1.99"}},{"v":354.518325,"d":"£354.52"},{"v":762.4050000000001,"d":"£762.41"},{"v":53.17774875000001,"d":"£53.18"},{"v":114.36075000000002,"d":"£114.36"}]
[{"$f":"IF(F17<>\"\",(LARGE(A$7:A16,1)+1),\"\")","v":5},"Acoustic Sealent",{"$f":"C11*4","v":{"v":84,"d":"84.00"}},"m",{"v":12.8883375,"d":"£12.89"},{"v":1082.6203500000001,"d":"£1,082.62"},{"v":3.5572500000000002,"d":"£3.56"},{"v":7.65,"d":"£7.65"},{"$f":"IF(D17=0,\" \",(G17)*(Details!$C$4+Details!$C$8))","v":{"v":0.5335875000000001,"d":"£0.53"}},{"$f":"IF(D17=0,\" \",(H17)*(Details!$C$6+Details!$C$8))","v":{"v":1.1475000000000002,"d":"£1.15"}},{"v":298.809,"d":"£298.81"},{"v":642.6,"d":"£642.60"},{"v":44.82135000000001,"d":"£44.82"},{"v":96.39000000000001,"d":"£96.39"}]
[{"$f":"IF(F18<>\"\",(LARGE(A$7:A17,1)+1),\"\")","v":""}]
[{"$f":"IF(F19<>\"\",(LARGE(A$7:A18,1)+1),\"\")","v":""},"35x60mm Int. Wall (2.74m H) ",{"v":7,"d":"7.00"}]
[{"$f":"IF(F20<>\"\",(LARGE(A$7:A19,1)+1),\"\")","v":""}]
[{"$f":"IF(F21<>\"\",(LARGE(A$7:A20,1)+1),\"\")","v":6},"35x60mm Timber Stud Wall @ 400 C.C.",{"$f":"C19/(0.4*2.74)","v":{"v":6.3868613138686126,"d":"6.39"}},"m",{"$f":"G21+H21+J21+I21","v":{"v":26.113625,"d":"£26.11"}},{"$f":"E21*C21","v":{"v":166.78410127737223,"d":"£166.78"}},{"v":7.2075000000000005,"d":"£7.21"},{"v":15.5,"d":"£15.50"},{"$f":"IF(D21=0,\" \",(G21)*(Details!$C$4+Details!$C$8))","v":{"v":1.0811250000000003,"d":"£1.08"}},{"$f":"IF(D21=0,\" \",(H21)*(Details!$C$6+Details!$C$8))","v":{"v":2.325,"d":"£2.33"}},{"$f":"+G21*C21","v":{"v":46.03330291970803,"d":"£46.03"}},{"$f":"+H21*C21","v":{"v":98.99635036496349,"d":"£99.00"}},{"$f":"IF(D21=0,\" \",(I21*C21))","v":{"v":6.904995437956206,"d":"£6.90"}},{"$f":"IF(D21=0,\" \",(J21*C21))","v":{"v":14.849452554744525,"d":"£14.85"}}]
[{"$f":"IF(F22<>\"\",(LARGE(A$7:A21,1)+1),\"\")","v":7},"Timber Head Plate",{"$f":"C19*2","v":{"v":14,"d":"14.00"}},"m",{"v":26.113625,"d":"£26.11"},{"v":365.59074999999996,"d":"£365.59"},{"v":7.2075000000000005,"d":"£7.21"},{"v":15.5,"d":"£15.50"},{"$f":"IF(D22=0,\" \",(G22)*(Details!$C$4+Details!$C$8))","v":{"v":1.0811250000000003,"d":"£1.08"}},{"$f":"IF(D22=0,\" \",(H22)*(Details!$C$6+Details!$C$8))","v":{"v":2.325,"d":"£2.33"}},{"v":100.905,"d":"£100.91"},{"v":217,"d":"£217.00"},{"v":15.135750000000005,"d":"£15.14"},{"v":32.550000000000004,"d":"£32.55"}]
[{"$f":"IF(F23<>\"\",(LARGE(A$7:A22,1)+1),\"\")","v":8},"Timber Sole Plate",{"$f":"C19*1","v":{"v":7,"d":"7.00"}},"m",{"v":26.113625,"d":"£26.11"},{"v":182.79537499999998,"d":"£182.80"},{"v":7.2075000000000005,"d":"£7.21"},{"v":15.5,"d":"£15.50"},{"$f":"IF(D23=0,\" \",(G23)*(Details!$C$4+Details!$C$8))","v":{"v":1.0811250000000003,"d":"£1.08"}},{"$f":"IF(D23=0,\" \",(H23)*(Details!$C$6+Details!$C$8))","v":{"v":2.325,"d":"£2.33"}},{"v":50.4525,"d":"£50.45"},{"v":108.5,"d":"£108.50"},{"v":7.567875000000003,"d":"£7.57"},{"v":16.275000000000002,"d":"£16.28"}]
[{"$f":"IF(F24<>\"\",(LARGE(A$7:A23,1)+1),\"\")","v":9},"Mineral Wool Acoustic Insulation (50mm Thick)",{"$f":"C19*2.74","v":19.18},"m2",{"v":22.3229375,"d":"£22.32"},{"v":428.15394124999995,"d":"£428.15"},{"v":6.16125,"d":"£6.16"},{"v":13.25,"d":"£13.25"},{"$f":"IF(D24=0,\" \",(G24)*(Details!$C$4+Details!$C$8))","v":{"v":0.9241875000000002,"d":"£0.92"}},{"$f":"IF(D24=0,\" \",(H24)*(Details!$C$6+Details!$C$8))","v":{"v":1.9875000000000003,"d":"£1.99"}},{"v":118.172775,"d":"£118.17"},{"v":254.135,"d":"£254.14"},{"v":17.725916250000004,"d":"£17.73"},{"v":38.120250000000006,"d":"£38.12"}]
[{"$f":"IF(F25<>\"\",(LARGE(A$7:A24,1)+1),\"\")","v":10},"Polyethylene Sheet (0.2mm Thick)",{"$f":"C19*2.74","v":19.18},"m2",{"v":14.320375,"d":"£14.32"},{"v":274.6647925,"d":"£274.66"},{"v":3.9525,"d":"£3.95"},{"v":8.5,"d":"£8.50"},{"$f":"IF(D25=0,\" \",(G25)*(Details!$C$4+Details!$C$8))","v":{"v":0.5928750000000002,"d":"£0.59"}},{"$f":"IF(D25=0,\" \",(H25)*(Details!$C$6+Details!$C$8))","v":{"v":1.2750000000000001,"d":"£1.28"}},{"v":75.80895,"d":"£75.81"},{"v":163.03,"d":"£163.03"},{"v":11.371342500000003,"d":"£11.37"},{"v":24.454500000000003,"d":"£24.45"}]
[{"$f":"IF(F26<>\"\",(LARGE(A$7:A25,1)+1),\"\")","v":11},"Acoustic Sealent",{"$f":"C19*4","v":{"v":28,"d":"28.00"}},"m",{"v":12.8883375,"d":"£12.89"},{"v":360.87345,"d":"£360.87"},{"v":3.5572500000000002,"d":"£3.56"},{"v":7.65,"d":"£7.65"},{"$f":"IF(D26=0,\" \",(G26)*(Details!$C$4+Details!$C$8))","v":{"v":0.5335875000000001,"d":"£0.53"}},{"$f":"IF(D26=0,\" \",(H26)*(Details!$C$6+Details!$C$8))","v":{"v":1.1475000000000002,"d":"£1.15"}},{"v":99.60300000000001,"d":"£99.60"},{"v":214.20000000000002,"d":"£214.20"},{"v":14.940450000000002,"d":"£14.94"},{"v":32.13,"d":"£32.13"}]
[{"$f":"IF(F27<>\"\",(LARGE(A$7:A26,1)+1),\"\")","v":""}]
[{"$f":"IF(F28<>\"\",(LARGE(A$7:A27,1)+1),\"\")","v":""},"35x60mm Int. Furring Wall (2.74m H)",{"v":2,"d":"2.00"},"m"]
[{"$f":"IF(F29<>\"\",(LARGE(A$7:A28,1)+1),\"\")","v":""}]
[{"$f":"IF(F30<>\"\",(LARGE(A$7:A29,1)+1),\"\")","v":12},"35x60mm Timber Stud Wall @ 400 C.C.",{"$f":"C28/(0.4*2.74)","v":{"v":1.824817518248175,"d":"1.82"}},"m",{"$f":"G30+H30+J30+I30","v":{"v":26.113625,"d":"£26.11"}},{"$f":"E30*C30","v":{"v":47.6526003649635,"d":"£47.65"}},{"v":7.2075000000000005,"d":"£7.21"},{"v":15.5,"d":"£15.50"},{"$f":"IF(D30=0,\" \",(G30)*(Details!$C$4+Details!$C$8))","v":{"v":1.0811250000000003,"d":"£1.08"}},{"$f":"IF(D30=0,\" \",(H30)*(Details!$C$6+Details!$C$8))","v":{"v":2.325,"d":"£2.33"}},{"$f":"+G30*C30","v":{"v":13.152372262773723,"d":"£13.15"}},{"$f":"+H30*C30","v":{"v":28.284671532846712,"d":"£28.28"}},{"$f":"IF(D30=0,\" \",(I30*C30))","v":{"v":1.9728558394160587,"d":"£1.97"}},{"$f":"IF(D30=0,\" \",(J30*C30))","v":{"v":4.242700729927007,"d":"£4.24"}}]
[{"$f":"IF(F31<>\"\",(LARGE(A$7:A30,1)+1),\"\")","v":13},"Timber Head Plate",{"$f":"C28*2","v":{"v":4,"d":"4.00"}},"m",{"v":26.113625,"d":"£26.11"},{"v":104.4545,"d":"£104.45"},{"v":7.2075000000000005,"d":"£7.21"},{"v":15.5,"d":"£15.50"},{"$f":"IF(D31=0,\" \",(G31)*(Details!$C$4+Details!$C$8))","v":{"v":1.0811250000000003,"d":"£1.08"}},{"$f":"IF(D31=0,\" \",(H31)*(Details!$C$6+Details!$C$8))","v":{"v":2.325,"d":"£2.33"}},{"v":28.830000000000002,"d":"£28.83"},{"v":62,"d":"£62.00"},{"v":4.324500000000001,"d":"£4.32"},{"v":9.3,"d":"£9.30"}]
[{"$f":"IF(F32<>\"\",(LARGE(A$7:A31,1)+1),\"\")","v":14},"Timber Sole Plate",{"$f":"C28*1","v":{"v":2,"d":"2.00"}},"m",{"v":261.13625,"d":"£261.14"},{"v":522.2725,"d":"£522.27"},{"v":72.075,"d":"£72.08"},{"v":155,"d":"£155.00"},{"$f":"IF(D32=0,\" \",(G32)*(Details!$C$4+Details!$C$8))","v":{"v":10.811250000000003,"d":"£10.81"}},{"$f":"IF(D32=0,\" \",(H32)*(Details!$C$6+Details!$C$8))","v":{"v":23.250000000000004,"d":"£23.25"}},{"v":144.15,"d":"£144.15"},{"v":310,"d":"£310.00"},{"v":21.622500000000006,"d":"£21.62"},{"v":46.50000000000001,"d":"£46.50"}]
[{"$f":"IF(F33<>\"\",(LARGE(A$7:A32,1)+1),\"\")","v":15},"Mineral Wool Acoustic Insulation (50mm Thick)",{"$f":"C28*2.74","v":5.48},"m2",{"v":22.3229375,"d":"£22.32"},{"v":122.3296975,"d":"£122.33"},{"v":6.16125,"d":"£6.16"},{"v":13.25,"d":"£13.25"},{"$f":"IF(D33=0,\" \",(G33)*(Details!$C$4+Details!$C$8))","v":{"v":0.9241875000000002,"d":"£0.92"}},{"$f":"IF(D33=0,\" \",(H33)*(Details!$C$6+Details!$C$8))","v":{"v":1.9875000000000003,"d":"£1.99"}},{"v":33.763650000000005,"d":"£33.76"},{"v":72.61,"d":"£72.61"},{"v":5.0645475000000015,"d":"£5.06"},{"v":10.891500000000002,"d":"£10.89"}]
[{"$f":"IF(F34<>\"\",(LARGE(A$7:A33,1)+1),\"\")","v":16},"Polyethylene Sheet (0.2mm Thick)",{"$f":"C28*2.74","v":5.48},"m2",{"v":14.320375,"d":"£14.32"},{"v":78.475655,"d":"£78.48"},{"v":3.9525,"d":"£3.95"},{"v":8.5,"d":"£8.50"},{"$f":"IF(D34=0,\" \",(G34)*(Details!$C$4+Details!$C$8))","v":{"v":0.5928750000000002,"d":"£0.59"}},{"$f":"IF(D34=0,\" \",(H34)*(Details!$C$6+Details!$C$8))","v":{"v":1.2750000000000001,"d":"£1.28"}},{"v":21.6597,"d":"£21.66"},{"v":46.580000000000005,"d":"£46.58"},{"v":3.248955000000001,"d":"£3.25"},{"v":6.987000000000001,"d":"£6.99"}]
[{"$f":"IF(F35<>\"\",(LARGE(A$7:A34,1)+1),\"\")","v":17},"Acoustic Sealent",{"$f":"C28*2","v":{"v":4,"d":"4.00"}},"m",{"v":12.8883375,"d":"£12.89"},{"v":51.55335,"d":"£51.55"},{"v":3.5572500000000002,"d":"£3.56"},{"v":7.65,"d":"£7.65"},{"$f":"IF(D35=0,\" \",(G35)*(Details!$C$4+Details!$C$8))","v":{"v":0.5335875000000001,"d":"£0.53"}},{"$f":"IF(D35=0,\" \",(H35)*(Details!$C$6+Details!$C$8))","v":{"v":1.1475000000000002,"d":"£1.15"}},{"v":14.229000000000001,"d":"£14.23"},{"v":30.6,"d":"£30.60"},{"v":2.1343500000000004,"d":"£2.13"},{"v":4.590000000000001,"d":"£4.59"}]
[{"$f":"IF(F36<>\"\",(LARGE(A$7:A35,1)+1),\"\")","v":""}]
[{"$f":"IF(F37<>\"\",(LARGE(A$7:A36,1)+1),\"\")","v":""},"35x60mm Int. Wall (2.74m H) ",{"v":8,"d":"8.00"},"m"]
[{"$f":"IF(F38<>\"\",(LARGE(A$7:A37,1)+1),\"\")","v":""}]
[{"$f":"IF(F39<>\"\",(LARGE(A$7:A38,1)+1),\"\")","v":18},"35x60mm Timber Stud Wall @ 400 C.C.",{"$f":"C37/(0.4*2.74)","v":{"v":7.2992700729927,"d":"7.30"}},"m",{"$f":"G39+H39+J39+I39","v":{"v":26.113625,"d":"£26.11"}},{"$f":"E39*C39","v":{"v":190.610401459854,"d":"£190.61"}},{"v":7.2075000000000005,"d":"£7.21"},{"v":15.5,"d":"£15.50"},{"$f":"IF(D39=0,\" \",(G39)*(Details!$C$4+Details!$C$8))","v":{"v":1.0811250000000003,"d":"£1.08"}},{"$f":"IF(D39=0,\" \",(H39)*(Details!$C$6+Details!$C$8))","v":{"v":2.325,"d":"£2.33"}},{"$f":"+G39*C39","v":{"v":52.60948905109489,"d":"£52.61"}},{"$f":"+H39*C39","v":{"v":113.13868613138685,"d":"£113.14"}},{"$f":"IF(D39=0,\" \",(I39*C39))","v":{"v":7.891423357664235,"d":"£7.89"}},{"$f":"IF(D39=0,\" \",(J39*C39))","v":{"v":16.970802919708028,"d":"£16.97"}}]
[{"$f":"IF(F40<>\"\",(LARGE(A$7:A39,1)+1),\"\")","v":19},"Timber Head Plate",{"$f":"C37*2","v":{"v":16,"d":"16.00"}},"m",{"v":26.113625,"d":"£26.11"},{"v":417.818,"d":"£417.82"},{"v":7.2075000000000005,"d":"£7.21"},{"v":15.5,"d":"£15.50"},{"$f":"IF(D40=0,\" \",(G40)*(Details!$C$4+Details!$C$8))","v":{"v":1.0811250000000003,"d":"£1.08"}},{"$f":"IF(D40=0,\" \",(H40)*(Details!$C$6+Details!$C$8))","v":{"v":2.325,"d":"£2.33"}},{"v":115.32000000000001,"d":"£115.32"},{"v":248,"d":"£248.00"},{"v":17.298000000000005,"d":"£17.30"},{"v":37.2,"d":"£37.20"}]
[{"$f":"IF(F41<>\"\",(LARGE(A$7:A40,1)+1),\"\")","v":20},"Timber Sole Plate",{"$f":"C37*1","v":{"v":8,"d":"8.00"}},"m",{"v":26.113625,"d":"£26.11"},{"v":208.909,"d":"£208.91"},{"v":7.2075000000000005,"d":"£7.21"},{"v":15.5,"d":"£15.50"},{"$f":"IF(D41=0,\" \",(G41)*(Details!$C$4+Details!$C$8))","v":{"v":1.0811250000000003,"d":"£1.08"}},{"$f":"IF(D41=0,\" \",(H41)*(Details!$C$6+Details!$C$8))","v":{"v":2.325,"d":"£2.33"}},{"v":57.660000000000004,"d":"£57.66"},{"v":124,"d":"£124.00"},{"v":8.649000000000003,"d":"£8.65"},{"v":18.6,"d":"£18.60"}]
[{"$f":"IF(F42<>\"\",(LARGE(A$7:A41,1)+1),\"\")","v":21},"Acoustic Sealent",{"$f":"C37*4","v":{"v":32,"d":"32.00"}},"m",{"v":12.8883375,"d":"£12.89"},{"v":412.4268,"d":"£412.43"},{"v":3.5572500000000002,"d":"£3.56"},{"v":7.65,"d":"£7.65"},{"$f":"IF(D42=0,\" \",(G42)*(Details!$C$4+Details!$C$8))","v":{"v":0.5335875000000001,"d":"£0.53"}},{"$f":"IF(D42=0,\" \",(H42)*(Details!$C$6+Details!$C$8))","v":{"v":1.1475000000000002,"d":"£1.15"}},{"v":113.83200000000001,"d":"£113.83"},{"v":244.8,"d":"£244.80"},{"v":17.074800000000003,"d":"£17.07"},{"v":36.720000000000006,"d":"£36.72"}]
[{"$f":"IF(F43<>\"\",(LARGE(A$7:A42,1)+1),\"\")","v":""}]
[{"$f":"IF(F44<>\"\",(LARGE(A$7:A43,1)+1),\"\")","v":""},"CEILINGS",{"$nulls":6},{"$f":"IF(D44=0,\" \",(G44)*(Details!$C$4+Details!$C$8))","v":" "},{"$f":"IF(D44=0,\" \",(H44)*(Details!$C$6+Details!$C$8))","v":" "},null,null,{"$f":"IF(D44=0,\" \",(I44*C44))","v":" "},{"$f":"IF(D44=0,\" \",(J44*C44))","v":" "}]
[{"$f":"IF(F45<>\"\",(LARGE(A$7:A44,1)+1),\"\")","v":""}]
[{"$f":"IF(F46<>\"\",(LARGE(A$7:A45,1)+1),\"\")","v":22},"19mm Gypsum Plank",{"v":73,"d":"73.00"},"m2",{"$f":"G46+H46+J46+I46","v":{"v":19.6273375,"d":"£19.63"}},{"$f":"E46*C46","v":{"v":1432.7956374999999,"d":"£1,432.80"}},{"v":5.41725,"d":"£5.42"},{"v":11.65,"d":"£11.65"},{"$f":"IF(D46=0,\" \",(G46)*(Details!$C$4+Details!$C$8))","v":{"v":0.8125875000000001,"d":"£0.81"}},{"$f":"IF(D46=0,\" \",(H46)*(Details!$C$6+Details!$C$8))","v":{"v":1.7475000000000003,"d":"£1.75"}},{"$f":"+G46*C46","v":{"v":395.45925,"d":"£395.46"}},{"$f":"+H46*C46","v":{"v":850.45,"d":"£850.45"}},{"$f":"IF(D46=0,\" \",(I46*C46))","v":{"v":59.31888750000001,"d":"£59.32"}},{"$f":"IF(D46=0,\" \",(J46*C46))","v":{"v":127.56750000000002,"d":"£127.57"}}]
[{"$f":"IF(F47<>\"\",(LARGE(A$7:A46,1)+1),\"\")","v":23},"15mm MR Plasterboard ",{"v":5,"d":"5.00"},"m2",{"$f":"G47+H47+J47+I47","v":{"v":21.6490375,"d":"£21.65"}},{"$f":"E47*C47","v":{"v":108.24518749999999,"d":"£108.25"}},{"v":5.97525,"d":"£5.98"},{"v":12.85,"d":"£12.85"},{"$f":"IF(D47=0,\" \",(G47)*(Details!$C$4+Details!$C$8))","v":{"v":0.8962875000000001,"d":"£0.90"}},{"$f":"IF(D47=0,\" \",(H47)*(Details!$C$6+Details!$C$8))","v":{"v":1.9275000000000002,"d":"£1.93"}},{"$f":"+G47*C47","v":{"v":29.87625,"d":"£29.88"}},{"$f":"+H47*C47","v":{"v":64.25,"d":"£64.25"}},{"$f":"IF(D47=0,\" \",(I47*C47))","v":{"v":4.4814375,"d":"£4.48"}},{"$f":"IF(D47=0,\" \",(J47*C47))","v":{"v":9.637500000000001,"d":"£9.64"}}]
[{"$f":"IF(F48<>\"\",(LARGE(A$7:A47,1)+1),\"\")","v":24},"15mm Plasterboard ",{"v":68,"d":"68.00"},"m2",{"$f":"G48+H48+J48+I48","v":{"v":20.014830000000003,"d":"£20.01"}},{"$f":"E48*C48","v":{"v":1361.0084400000003,"d":"£1,361.01"}},{"v":5.5242,"d":"£5.52"},{"v":11.88,"d":"£11.88"},{"$f":"IF(D48=0,\" \",(G48)*(Details!$C$4+Details!$C$8))","v":{"v":0.8286300000000002,"d":"£0.83"}},{"$f":"IF(D48=0,\" \",(H48)*(Details!$C$6+Details!$C$8))","v":{"v":1.7820000000000005,"d":"£1.78"}},{"$f":"+G48*C48","v":{"v":375.64560000000006,"d":"£375.65"}},{"$f":"+H48*C48","v":{"v":807.84,"d":"£807.84"}},{"$f":"IF(D48=0,\" \",(I48*C48))","v":{"v":56.346840000000014,"d":"£56.35"}},{"$f":"IF(D48=0,\" \",(J48*C48))","v":{"v":121.17600000000003,"d":"£121.18"}}]
[{"$f":"IF(F49<>\"\",(LARGE(A$7:A48,1)+1),\"\")","v":""}]
[{"$f":"IF(F50<>\"\",(LARGE(A$7:A49,1)+1),\"\")","v":""},"WALL BOARD"]
[{"$f":"IF(F51<>\"\",(LARGE(A$7:A50,1)+1),\"\")","v":""}]
[{"$f":"IF(F52<>\"\",(LARGE(A$7:A51,1)+1),\"\")","v":25},"(2) Layer 12.5mm Wall Plaster Board",{"$f":"21*2.74*2","v":{"v":115.08000000000001,"d":"115.08"}},"m2",{"$f":"G52+H52+J52+I52","v":{"v":18.9534375,"d":"£18.95"}},{"$f":"E52*C52","v":{"v":2181.1615875,"d":"£2,181.16"}},{"v":5.23125,"d":"£5.23"},{"v":11.25,"d":"£11.25"},{"$f":"IF(D52=0,\" \",(G52)*(Details!$C$4+Details!$C$8))","v":{"v":0.7846875000000001,"d":"£0.78"}},{"$f":"IF(D52=0,\" \",(H52)*(Details!$C$6+Details!$C$8))","v":{"v":1.6875000000000002,"d":"£1.69"}},{"$f":"+G52*C52","v":{"v":602.0122500000001,"d":"£602.01"}},{"$f":"+H52*C52","v":{"v":1294.65,"d":"£1,294.65"}},{"$f":"IF(D52=0,\" \",(I52*C52))","v":{"v":90.30183750000002,"d":"£90.30"}},{"$f":"IF(D52=0,\" \",(J52*C52))","v":{"v":194.19750000000005,"d":"£194.20"}}]
[{"$f":"IF(F53<>\"\",(LARGE(A$7:A52,1)+1),\"\")","v":26},"(1) Layer 12.5mm Wall Plaster Board",{"$f":"7*2.74","v":19.18},"m2",{"$f":"G53+H53+J53+I53","v":{"v":18.9534375,"d":"£18.95"}},{"$f":"E53*C53","v":{"v":363.52693124999996,"d":"£363.53"}},{"v":5.23125,"d":"£5.23"},{"v":11.25,"d":"£11.25"},{"$f":"IF(D53=0,\" \",(G53)*(Details!$C$4+Details!$C$8))","v":{"v":0.7846875000000001,"d":"£0.78"}},{"$f":"IF(D53=0,\" \",(H53)*(Details!$C$6+Details!$C$8))","v":{"v":1.6875000000000002,"d":"£1.69"}},{"$f":"+G53*C53","v":{"v":100.335375,"d":"£100.34"}},{"$f":"+H53*C53","v":{"v":215.775,"d":"£215.78"}},{"$f":"IF(D53=0,\" \",(I53*C53))","v":{"v":15.050306250000002,"d":"£15.05"}},{"$f":"IF(D53=0,\" \",(J53*C53))","v":{"v":32.36625,"d":"£32.37"}}]
[{"$f":"IF(F54<>\"\",(LARGE(A$7:A53,1)+1),\"\")","v":27},"(1) Layer MR 12.5mm Wall Plaster Board",{"$f":"7*2.74","v":19.18},"m2",{"$f":"G54+H54+J54+I54","v":{"v":21.6490375,"d":"£21.65"}},{"$f":"E54*C54","v":{"v":415.22853925,"d":"£415.23"}},{"v":5.97525,"d":"£5.98"},{"v":12.85,"d":"£12.85"},{"$f":"IF(D54=0,\" \",(G54)*(Details!$C$4+Details!$C$8))","v":{"v":0.8962875000000001,"d":"£0.90"}},{"$f":"IF(D54=0,\" \",(H54)*(Details!$C$6+Details!$C$8))","v":{"v":1.9275000000000002,"d":"£1.93"}},{"$f":"+G54*C54","v":{"v":114.605295,"d":"£114.61"}},{"$f":"+H54*C54","v":{"v":246.463,"d":"£246.46"}},{"$f":"IF(D54=0,\" \",(I54*C54))","v":{"v":17.190794250000003,"d":"£17.19"}},{"$f":"IF(D54=0,\" \",(J54*C54))","v":{"v":36.96945,"d":"£36.97"}}]
[{"$f":"IF(F55<>\"\",(LARGE(A$7:A54,1)+1),\"\")","v":28},"(1) Layer MR 12.5mm Wall Plaster Board",{"$f":"2*2.74","v":5.48},"m2",{"v":21.6490375,"d":"£21.65"},{"v":118.6367255,"d":"£118.64"},{"v":5.97525,"d":"£5.98"},{"v":12.85,"d":"£12.85"},{"$f":"IF(D55=0,\" \",(G55)*(Details!$C$4+Details!$C$8))","v":{"v":0.8962875000000001,"d":"£0.90"}},{"$f":"IF(D55=0,\" \",(H55)*(Details!$C$6+Details!$C$8))","v":{"v":1.9275000000000002,"d":"£1.93"}},{"v":32.74437,"d":"£32.74"},{"v":70.418,"d":"£70.42"},{"v":4.911655500000001,"d":"£4.91"},{"v":10.562700000000001,"d":"£10.56"}]
[{"$f":"IF(F56<>\"\",(LARGE(A$7:A55,1)+1),\"\")","v":29},"(2) Layer 12.5mm Wall Plaster Board",{"$f":"8*2.74*2","v":43.84},"m2",{"v":20.014830000000003,"d":"£20.01"},{"v":877.4501472000002,"d":"£877.45"},{"v":5.5242,"d":"£5.52"},{"v":11.88,"d":"£11.88"},{"$f":"IF(D56=0,\" \",(G56)*(Details!$C$4+Details!$C$8))","v":{"v":0.8286300000000002,"d":"£0.83"}},{"$f":"IF(D56=0,\" \",(H56)*(Details!$C$6+Details!$C$8))","v":{"v":1.7820000000000005,"d":"£1.78"}},{"v":242.18092800000005,"d":"£242.18"},{"v":520.8192,"d":"£520.82"},{"v":36.32713920000001,"d":"£36.33"},{"v":78.12288000000002,"d":"£78.12"}]
[{"$f":"IF(F57<>\"\",(LARGE(A$7:A56,1)+1),\"\")","v":""}]
[{"$f":"IF(F58<>\"\",(LARGE(A$7:A57,1)+1),\"\")","v":""},"SKIM ON PLASTER BOARD",{"$nulls":6},{"$f":"IF(D58=0,\" \",(G58)*(Details!$C$4+Details!$C$8))","v":" "},{"$f":"IF(D58=0,\" \",(H58)*(Details!$C$6+Details!$C$8))","v":" "},null,null,{"$f":"IF(D58=0,\" \",(I58*C58))","v":" "},{"$f":"IF(D58=0,\" \",(J58*C58))","v":" "}]
[{"$f":"IF(F59<>\"\",(LARGE(A$7:A58,1)+1),\"\")","v":""}]
[{"$f":"IF(F60<>\"\",(LARGE(A$7:A59,1)+1),\"\")","v":30},"Walls; 3mm skim finish",{"v":203,"d":"203.00"},"m2",{"$f":"G60+H60+J60+I60","v":{"v":14.573087500000002,"d":"£14.57"}},{"$f":"E60*C60","v":{"v":2958.3367625000005,"d":"£2,958.34"}},{"v":4.0222500000000005,"d":"£4.02"},{"v":8.65,"d":"£8.65"},{"$f":"IF(D60=0,\" \",(G60)*(Details!$C$4+Details!$C$8))","v":{"v":0.6033375000000002,"d":"£0.60"}},{"$f":"IF(D60=0,\" \",(H60)*(Details!$C$6+Details!$C$8))","v":{"v":1.2975000000000003,"d":"£1.30"}},{"$f":"+G60*C60","v":{"v":816.5167500000001,"d":"£816.52"}},{"$f":"+H60*C60","v":{"v":1755.95,"d":"£1,755.95"}},{"$f":"IF(D60=0,\" \",(I60*C60))","v":{"v":122.47751250000005,"d":"£122.48"}},{"$f":"IF(D60=0,\" \",(J60*C60))","v":{"v":263.39250000000004,"d":"£263.39"}}]
[{"$f":"IF(F61<>\"\",(LARGE(A$7:A60,1)+1),\"\")","v":31},"Ceilings; 3mm skim finish",{"v":0,"d":"0.00"},"m2",{"$f":"G61+H61+J61+I61","v":{"v":15.5839375,"d":"£15.58"}},{"$f":"E61*C61","v":{"v":0,"d":"£0.00"}},{"v":4.3012500000000005,"d":"£4.30"},{"v":9.25,"d":"£9.25"},{"$f":"IF(D61=0,\" \",(G61)*(Details!$C$4+Details!$C$8))","v":{"v":0.6451875000000001,"d":"£0.65"}},{"$f":"IF(D61=0,\" \",(H61)*(Details!$C$6+Details!$C$8))","v":{"v":1.3875000000000002,"d":"£1.39"}},{"$f":"+G61*C61","v":{"v":0,"d":"£0.00"}},{"$f":"+H61*C61","v":{"v":0,"d":"£0.00"}},{"$f":"IF(D61=0,\" \",(I61*C61))","v":{"v":0,"d":"£0.00"}},{"$f":"IF(D61=0,\" \",(J61*C61))","v":{"v":0,"d":"£0.00"}}]
[{"$f":"IF(F62<>\"\",(LARGE(A$7:A61,1)+1),\"\")","v":""}]
[{"$f":"IF(F63<>\"\",(LARGE(A$7:A62,1)+1),\"\")","v":""},"BOXING WORKS"]
[{"$f":"IF(F64<>\"\",(LARGE(A$7:A63,1)+1),\"\")","v":""}]
[{"$f":"IF(F65<>\"\",(LARGE(A$7:A64,1)+1),\"\")","v":32},"Boxing in works (Provisional Sum)",{"v":1,"d":"1.00"},"Item",{"$f":"G65+H65+J65+I65","v":{"v":716.01875,"d":"£716.02"}},{"$f":"E65*C65","v":{"v":716.01875,"d":"£716.02"}},{"v":197.625,"d":"£197.63"},{"v":425,"d":"£425.00"},{"$f":"IF(D65=0,\" \",(G65)*(Details!$C$4+Details!$C$8))","v":{"v":29.643750000000004,"d":"£29.64"}},{"$f":"IF(D65=0,\" \",(H65)*(Details!$C$6+Details!$C$8))","v":{"v":63.75000000000001,"d":"£63.75"}},{"$f":"+G65*C65","v":{"v":197.625,"d":"£197.63"}},{"$f":"+H65*C65","v":{"v":425,"d":"£425.00"}},{"$f":"IF(D65=0,\" \",(I65*C65))","v":{"v":29.643750000000004,"d":"£29.64"}},{"$f":"IF(D65=0,\" \",(J65*C65))","v":{"v":63.75000000000001,"d":"£63.75"}}]
[{"$f":"IF(F66<>\"\",(LARGE(A$7:A65,1)+1),\"\")","v":""}]
[{"$f":"IF(F67<>\"\",(LARGE(A$7:A66,1)+1),\"\")","v":""}]
[{"$f":"IF(F68<>\"\",(LARGE(A$7:A67,1)+1),\"\")","v":""},{"$nulls":8},{"$f":"IF(D68=0,\" \",(G68+H68)*(Details!$C$4+Details!$C$6))","v":" "}]
[{"$nulls":4},"Sub Total",{"$f":"SUM(F8:F68)","v":{"v":18980.366475134306,"d":"£18,980.37"}},{"$nulls":3},{"$f":"IF(D69=0,\" \",(G69+H69)*(Details!$C$4+Details!$C$6))","v":" "},{"$f":"SUM(K8:K68)","v":{"v":5238.6825409927005,"d":"£5,238.68"}},{"$f":"SUM(L8:L68)","v":{"v":11265.983959124087,"d":"£11,265.98"}},{"$f":"SUM(M8:M68)","v":{"v":785.8023811489054,"d":"£785.80"}},{"$f":"SUM(N8:N68)","v":{"v":1689.8975938686135,"d":"£1,689.90"}}]
[{"$f":"IF(F70<>\"\",(LARGE(A$7:A69,1)+1),\"\")","v":""},{"$nulls":8},{"$f":"IF(D70=0,\" \",(G70+H70)*(Details!$C$4+Details!$C$6))","v":" "}]

{"sheet":"Joinery","index":9,"n_rows":19,"n_cols":14,"rows_kept":19,"merged":[[4,6,4,9],[4,10,4,13]]}
[]
[null,{"$f":"+'Qual, Excl & Assum'!B2","v":"PROJECT: ALTERATIONS TO 41 GREENSIDE STREET ROSEMARKIE, IV10 8AG"}]
[null,{"$f":"+'Qual, Excl & Assum'!B3","v":"DATE: 20TH NOVEMBER 2025"}]
[]
[null,"Joinery",{"$nulls":4},"RATES",{"$nulls":3},"TOTALS"]
[]
[null,"Description","Quantity","Unit","Rate","Total","Labour","Materials","L Markup","M Markup","Labour","Materials","L Markup","M Markup"]
[{"$nulls":13},{"$f":"IF(D8=0,\" \",(J8*C8))","v":" "}]
[{"$f":"IF(F9<>\"\",(LARGE(#REF!,1)+1),\"\")","v":""},"SKIRTING",{"$nulls":6},{"$f":"IF(D9=0,\" \",(G9)*(Details!$C$4+Details!$C$8))","v":" "},{"$f":"IF(D9=0,\" \",(H9)*(Details!$C$6+Details!$C$8))","v":" "},null,null,{"$f":"IF(D9=0,\" \",(I9*C9))","v":" "},{"$f":"IF(D9=0,\" \",(J9*C9))","v":" "}]
[{"$f":"IF(F10<>\"\",(LARGE(A$9:A9,1)+1),\"\")","v":""},{"$nulls":12}," "]
[1,"MDF Skirting w/ 3 Coat Of paint\r\nSize: 12mm T x 120mm H",78.11,"m",{"$f":"G11+H11+J11+I11","v":{"v":22.9968375,"d":"£23.00"}},{"$f":"C11*E11","v":{"v":1796.2829771250001,"d":"£1,796.28"}},{"v":6.347250000000001,"d":"£6.35"},{"v":13.65,"d":"£13.65"},{"$f":"IF(D11=0,\" \",(G11)*(Details!$C$4+Details!$C$8))","v":{"v":0.9520875000000002,"d":"£0.95"}},{"$f":"IF(D11=0,\" \",(H11)*(Details!$C$6+Details!$C$8))","v":{"v":2.0475000000000003,"d":"£2.05"}},{"$f":"+G11*C11","v":{"v":495.7836975000001,"d":"£495.78"}},{"$f":"+H11*C11","v":{"v":1066.2015000000001,"d":"£1,066.20"}},{"$f":"IF(D11=0,\" \",(I11*C11))","v":{"v":74.36755462500001,"d":"£74.37"}},{"v":159.93022500000004,"d":"£159.93"}]
[{"$f":"IF(F12<>\"\",(LARGE(A$9:A11,1)+1),\"\")","v":""},{"$nulls":12}," "]
[{"$f":"IF(F13<>\"\",(LARGE(A$9:A12,1)+1),\"\")","v":""},"SPECIALIST JOINERY",{"$nulls":11}," "]
[{"$f":"IF(F14<>\"\",(LARGE(A$9:A13,1)+1),\"\")","v":""},{"$nulls":12}," "]
[{"$f":"IF(F15<>\"\",(LARGE(A$9:A14,1)+1),\"\")","v":2},"0.6m W Worktop",4.36,"m",{"$f":"G15+H15+J15+I15","v":{"v":228.28362499999997,"d":"£228.28"}},{"$f":"C15*E15","v":{"v":995.316605,"d":"£995.32"}},{"v":63.0075,"d":"£63.01"},{"v":135.5,"d":"£135.50"},{"$f":"IF(D15=0,\" \",(G15)*(Details!$C$4+Details!$C$8))","v":{"v":9.451125000000001,"d":"£9.45"}},{"$f":"IF(D15=0,\" \",(H15)*(Details!$C$6+Details!$C$8))","v":{"v":20.325000000000003,"d":"£20.33"}},{"$f":"+G15*C15","v":{"v":274.71270000000004,"d":"£274.71"}},{"$f":"+H15*C15","v":{"v":590.7800000000001,"d":"£590.78"}},{"$f":"IF(D15=0,\" \",(I15*C15))","v":{"v":41.206905000000006,"d":"£41.21"}},{"$f":"IF(D15=0,\" \",(J15*C15))","v":{"v":88.61700000000002,"d":"£88.62"}}]
[{"$f":"IF(F16<>\"\",(LARGE(A$9:A15,1)+1),\"\")","v":3},"Re-Install (700mm H) Glass Splashback",5.15,"m",{"v":90.275,"d":"£90.28"},{"$f":"C16*E16","v":{"v":464.91625000000005,"d":"£464.92"}},{"v":78.5,"d":"£78.50"},null,{"$f":"IF(D16=0,\" \",(G16)*(Details!$C$4+Details!$C$8))","v":{"v":11.775000000000002,"d":"£11.78"}},{"$f":"IF(D16=0,\" \",(H16)*(Details!$C$6+Details!$C$8))","v":{"v":0,"d":"£0.00"}},{"v":404.27500000000003,"d":"£404.28"},{"v":0,"d":"£0.00"},{"v":60.641250000000014,"d":"£60.64"},{"v":0,"d":"£0.00"}]
[{"$f":"IF(F17<>\"\",(LARGE(A$9:A16,1)+1),\"\")","v":""}]
[{"$nulls":4},"Sub Total",{"$f":"SUM(F6:F16)","v":{"v":3256.515832125,"d":"£3,256.52"}},{"$nulls":3},{"$f":"IF(D18=0,\" \",(G18+H18)*(Details!$C$4+Details!$C$6))","v":" "},{"$f":"SUM(K6:K16)","v":{"v":1174.7713975000001,"d":"£1,174.77"}},{"$f":"SUM(L6:L16)","v":{"v":1656.9815000000003,"d":"£1,656.98"}},{"$f":"SUM(M6:M16)","v":{"v":176.21570962500004,"d":"£176.22"}},{"$f":"SUM(N6:N17)","v":{"v":248.54722500000005,"d":"£248.55"}}]
[{"$f":"IF(F19<>\"\",(LARGE(A$7:A18,1)+1),\"\")","v":""},{"$nulls":8},{"$f":"IF(D19=0,\" \",(G19+H19)*(Details!$C$4+Details!$C$6))","v":" "}]

{"sheet":"Decoration","index":10,"n_rows":23,"n_cols":14,"rows_kept":23,"merged":[[4,6,4,9],[4,10,4,13]]}
[]
[null,{"$f":"+'Qual, Excl & Assum'!B2","v":"PROJECT: ALTERATIONS TO 41 GREENSIDE STREET ROSEMARKIE, IV10 8AG"}]
[null,{"$f":"+'Qual, Excl & Assum'!B3","v":"DATE: 20TH NOVEMBER 2025"}]
[]
[null,"Decoration",{"$nulls":4},"RATES",{"$nulls":3},"TOTALS"]
[]
[null,"Description","Quantity","Unit","Rate","Total","Labour","Materials","L Markup","M Markup","Labour","Materials","L Markup","M Markup"]
[{"$nulls":13},{"$f":"IF(D8=0,\" \",(J8*C8))","v":" "}]
[null,"Ceiling Paint"]
[]
[1,"3 Coats Of Paint @ Ceinling On Both Floor Ceilings",{"v":151,"d":"151.00"},"m2",{"$f":"G11+H11+J11+I11","v":{"v":23.3337875,"d":"£23.33"}},{"$f":"E11*C11","v":{"v":3523.4019125,"d":"£3,523.40"}},{"v":6.44025,"d":"£6.44"},{"v":13.85,"d":"£13.85"},{"$f":"IF(D11=0,\" \",(G11)*(Details!$C$4+Details!$C$8))","v":{"v":0.9660375000000001,"d":"£0.97"}},{"$f":"IF(D11=0,\" \",(H11)*(Details!$C$6+Details!$C$8))","v":{"v":2.0775,"d":"£2.08"}},{"$f":"+G11*C11","v":{"v":972.47775,"d":"£972.48"}},{"$f":"+H11*C11","v":{"v":2091.35,"d":"£2,091.35"}},{"$f":"IF(D11=0,\" \",(I11*C11))","v":{"v":145.8716625,"d":"£145.87"}},{"$f":"IF(D11=0,\" \",(J11*C11))","v":{"v":313.70250000000004,"d":"£313.70"}}]
[]
[null,"Wall Paint"]
[{"$f":"IF(F14<>\"\",(LARGE(A$7:A13,1)+1),\"\")","v":""}]
[{"$f":"IF(F15<>\"\",(LARGE(A$7:A14,1)+1),\"\")","v":2},"3 Coats Of Paint @ Walls On Both Floors",{"v":448,"d":"448.00"},"m2",{"$f":"G15+H15+J15+I15","v":{"v":22.6598875,"d":"£22.66"}},{"$f":"E15*C15","v":{"v":10151.6296,"d":"£10,151.63"}},{"v":6.25425,"d":"£6.25"},{"v":13.45,"d":"£13.45"},{"$f":"IF(D15=0,\" \",(G15)*(Details!$C$4+Details!$C$8))","v":{"v":0.9381375000000001,"d":"£0.94"}},{"$f":"IF(D15=0,\" \",(H15)*(Details!$C$6+Details!$C$8))","v":{"v":2.0175,"d":"£2.02"}},{"$f":"+G15*C15","v":{"v":2801.904,"d":"£2,801.90"}},{"$f":"+H15*C15","v":{"v":6025.599999999999,"d":"£6,025.60"}},{"$f":"IF(D15=0,\" \",(I15*C15))","v":{"v":420.28560000000004,"d":"£420.29"}},{"$f":"IF(D15=0,\" \",(J15*C15))","v":{"v":903.84,"d":"£903.84"}}]
[{"$f":"IF(F16<>\"\",(LARGE(A$7:A15,1)+1),\"\")","v":""}]
[{"$f":"IF(F17<>\"\",(LARGE(A$7:A16,1)+1),\"\")","v":""},"Paint At Door"]
[{"$f":"IF(F18<>\"\",(LARGE(A$7:A17,1)+1),\"\")","v":""}]
[{"$f":"IF(F19<>\"\",(LARGE(A$7:A18,1)+1),\"\")","v":3},"Re-Install Wardrobe Sliding Door",{"v":2,"d":"2.00"},"no.",{"$f":"G19+H19+J19+I19","v":{"v":194.58862500000004,"d":"£194.59"}},{"$f":"E19*C19","v":{"v":389.1772500000001,"d":"£389.18"}},{"v":53.7075,"d":"£53.71"},{"v":115.5,"d":"£115.50"},{"$f":"IF(D19=0,\" \",(G19)*(Details!$C$4+Details!$C$8))","v":{"v":8.056125000000002,"d":"£8.06"}},{"$f":"IF(D19=0,\" \",(H19)*(Details!$C$6+Details!$C$8))","v":{"v":17.325000000000003,"d":"£17.33"}},{"$f":"+G19*C19","v":{"v":107.415,"d":"£107.42"}},{"$f":"+H19*C19","v":{"v":231,"d":"£231.00"}},{"$f":"IF(D19=0,\" \",(I19*C19))","v":{"v":16.112250000000003,"d":"£16.11"}},{"$f":"IF(D19=0,\" \",(J19*C19))","v":{"v":34.650000000000006,"d":"£34.65"}}]
[{"$f":"IF(F20<>\"\",(LARGE(A$7:A19,1)+1),\"\")","v":4},"Re-Installl All Internal SIngle Leaf Door",{"v":7,"d":"7.00"},"no.",{"v":148.6791875,"d":"£148.68"},{"v":1040.7543125000002,"d":"£1,040.75"},{"v":41.03625,"d":"£41.04"},{"v":88.25,"d":"£88.25"},{"$f":"IF(D20=0,\" \",(G20)*(Details!$C$4+Details!$C$8))","v":{"v":6.1554375000000014,"d":"£6.16"}},{"$f":"IF(D20=0,\" \",(H20)*(Details!$C$6+Details!$C$8))","v":{"v":13.237500000000002,"d":"£13.24"}},{"v":287.25375,"d":"£287.25"},{"v":617.75,"d":"£617.75"},{"v":43.08806250000001,"d":"£43.09"},{"v":92.66250000000002,"d":"£92.66"}]
[]
[{"$f":"IF(F22<>\"\",(LARGE(A$7:A17,1)+1),\"\")","v":""},{"$nulls":8},{"$f":"IF(D22=0,\" \",(G22+H22)*(Details!$C$4+Details!$C$6))","v":" "}]
[{"$nulls":4},"Sub Total",{"$f":"SUM(F9:F22)","v":{"v":15104.963075,"d":"£15,104.96"}},{"$nulls":3},{"$f":"IF(D23=0,\" \",(G23+H23)*(Details!$C$4+Details!$C$6))","v":" "},{"$f":"SUM(K6:K22)","v":{"v":4169.0505,"d":"£4,169.05"}},{"$f":"SUM(L6:L22)","v":{"v":8965.699999999999,"d":"£8,965.70"}},{"$f":"SUM(M6:M22)","v":{"v":625.3575750000001,"d":"£625.36"}},{"$f":"SUM(N6:N22)","v":{"v":1344.855,"d":"£1,344.86"}}]

{"sheet":"Floor finishes","index":11,"n_rows":16,"n_cols":14,"rows_kept":16,"merged":[[4,6,4,9],[4,10,4,13]]}
[]
[null,{"$f":"+'Qual, Excl & Assum'!B2","v":"PROJECT: ALTERATIONS TO 41 GREENSIDE STREET ROSEMARKIE, IV10 8AG"}]
[null,{"$f":"+'Qual, Excl & Assum'!B3","v":"DATE: 20TH NOVEMBER 2025"}]
[]
[null,"Floor Finishes",{"$nulls":4},"RATES",{"$nulls":3},"TOTALS"]
[]
[null,"Description","Quantity","Unit","Rate","Total","Labour","Materials","L Markup","M Markup","Labour","Materials","L Markup","M Markup"]
[{"$nulls":13},{"$f":"IF(D8=0,\" \",(J8*C8))","v":" "}]
[null,"FLOORING"]
[]
[1,"Install LVT Vinyl Tiles Flooring ",{"v":70,"d":"70.00"},"m2",{"$f":"G11+H11+J11+I11","v":{"v":76.656125,"d":"£76.66"}},{"$f":"E11*C11","v":{"v":5365.92875,"d":"£5,365.93"}},{"v":21.157500000000002,"d":"£21.16"},{"v":45.5,"d":"£45.50"},{"$f":"IF(D11=0,\" \",(G11)*(Details!$C$4+Details!$C$8))","v":{"v":3.173625000000001,"d":"£3.17"}},{"$f":"IF(D11=0,\" \",(H11)*(Details!$C$6+Details!$C$8))","v":{"v":6.825000000000001,"d":"£6.83"}},{"$f":"+G11*C11","v":{"v":1481.025,"d":"£1,481.03"}},{"$f":"+H11*C11","v":{"v":3185,"d":"£3,185.00"}},{"$f":"IF(D11=0,\" \",(I11*C11))","v":{"v":222.15375000000006,"d":"£222.15"}},{"$f":"IF(D11=0,\" \",(J11*C11))","v":{"v":477.75000000000006,"d":"£477.75"}}]
[{"$f":"IF(F12<>\"\",(LARGE(A$7:A11,1)+1),\"\")","v":2},"600mm x 600mm Porcelain Tile Flooring",{"v":4.6,"d":"4.60"},"m2",{"$f":"G12+H12+J12+I12","v":{"v":69.917125,"d":"£69.92"}},{"$f":"E12*C12","v":{"v":321.61877499999997,"d":"£321.62"}},{"v":19.2975,"d":"£19.30"},{"v":41.5,"d":"£41.50"},{"$f":"IF(D12=0,\" \",(G12)*(Details!$C$4+Details!$C$8))","v":{"v":2.8946250000000004,"d":"£2.89"}},{"$f":"IF(D12=0,\" \",(H12)*(Details!$C$6+Details!$C$8))","v":{"v":6.2250000000000005,"d":"£6.23"}},{"$f":"+G12*C12","v":{"v":88.76849999999999,"d":"£88.77"}},{"$f":"+H12*C12","v":{"v":190.89999999999998,"d":"£190.90"}},{"$f":"IF(D12=0,\" \",(I12*C12))","v":{"v":13.315275000000002,"d":"£13.32"}},{"$f":"IF(D12=0,\" \",(J12*C12))","v":{"v":28.635,"d":"£28.64"}}]
[{"$f":"IF(F13<>\"\",(LARGE(A$8:A12,1)+1),\"\")","v":""}]
[{"$f":"IF(F14<>\"\",(LARGE(A$7:A13,1)+1),\"\")","v":""},{"$nulls":8},{"$f":"IF(D14=0,\" \",(G14+H14)*(Details!$C$4+Details!$C$6))","v":" "}]
[{"$nulls":4},"Sub Total",{"$f":"SUM(F6:F14)","v":{"v":5687.547525,"d":"£5,687.55"}},{"$nulls":3},{"$f":"IF(D15=0,\" \",(G15+H15)*(Details!$C$4+Details!$C$6))","v":" "},{"$f":"SUM(K6:K14)","v":{"v":1569.7935,"d":"£1,569.79"}},{"$f":"SUM(L6:L14)","v":{"v":3375.9,"d":"£3,375.90"}},{"$f":"SUM(M6:M14)","v":{"v":235.46902500000007,"d":"£235.47"}},{"$f":"SUM(N6:N14)","v":{"v":506.38500000000005,"d":"£506.39"}}]
[{"$f":"IF(F16<>\"\",(LARGE(A$7:A15,1)+1),\"\")","v":""},{"$nulls":8},{"$f":"IF(D16=0,\" \",(G16+H16)*(Details!$C$4+Details!$C$6))","v":" "}]

{"sheet":"Wall finishes","index":12,"n_rows":15,"n_cols":14,"rows_kept":15,"merged":[[4,6,4,9],[4,10,4,13]]}
[]
[null,{"$f":"+'Qual, Excl & Assum'!B2","v":"PROJECT: ALTERATIONS TO 41 GREENSIDE STREET ROSEMARKIE, IV10 8AG"}]
[null,{"$f":"+'Qual, Excl & Assum'!B3","v":"DATE: 20TH NOVEMBER 2025"}]
[]
[null,"Wall Finishes",{"$nulls":4},"RATES",{"$nulls":3},"TOTALS"]
[]
[null,"Description","Quantity","Unit","Rate","Total","Labour","Materials","L Markup","M Markup","Labour","Materials","L Markup","M Markup"]
[{"$nulls":13},{"$f":"IF(D8=0,\" \",(J8*C8))","v":" "}]
[null,"WALL FINISH"]
[]
[1,"LVT Tile On Wall ",{"v":26,"d":"26.00"},"m2",{"$f":"G11+H11+J11+I11","v":{"v":78.340875,"d":"£78.34"}},{"$f":"E11*C11","v":{"v":2036.86275,"d":"£2,036.86"}},{"v":21.622500000000002,"d":"£21.62"},{"v":46.5,"d":"£46.50"},{"$f":"IF(D11=0,\" \",(G11)*(Details!$C$4+Details!$C$8))","v":{"v":3.243375000000001,"d":"£3.24"}},{"$f":"IF(D11=0,\" \",(H11)*(Details!$C$6+Details!$C$8))","v":{"v":6.975000000000001,"d":"£6.98"}},{"$f":"+G11*C11","v":{"v":562.1850000000001,"d":"£562.19"}},{"$f":"+H11*C11","v":{"v":1209,"d":"£1,209.00"}},{"$f":"IF(D11=0,\" \",(I11*C11))","v":{"v":84.32775000000002,"d":"£84.33"}},{"$f":"IF(D11=0,\" \",(J11*C11))","v":{"v":181.35000000000002,"d":"£181.35"}}]
[{"$f":"IF(F12<>\"\",(LARGE(A$7:A11,1)+1),\"\")","v":""}]
[{"$f":"IF(F13<>\"\",(LARGE(A$7:A12,1)+1),\"\")","v":""}]
[{"$nulls":4},"Sub Total",{"$f":"SUM(F8:F13)","v":{"v":2036.86275,"d":"£2,036.86"}},{"$nulls":3},{"$f":"IF(D14=0,\" \",(G14+H14)*(Details!$C$4+Details!$C$6))","v":" "},{"$f":"SUM(K8:K13)","v":{"v":562.1850000000001,"d":"£562.19"}},{"$f":"SUM(L8:L13)","v":{"v":1209,"d":"£1,209.00"}},{"$f":"SUM(M8:M13)","v":{"v":84.32775000000002,"d":"£84.33"}},{"$f":"SUM(N8:N13)","v":{"v":181.35000000000002,"d":"£181.35"}}]
[{"$f":"IF(F15<>\"\",(LARGE(A$7:A14,1)+1),\"\")","v":""},{"$nulls":8},{"$f":"IF(D15=0,\" \",(G15+H15)*(Details!$C$4+Details!$C$6))","v":" "}]

{"sheet":"Kitchen & Bathrooms ","index":13,"n_rows":19,"n_cols":14,"rows_kept":19,"merged":[[4,6,4,9],[4,10,4,13]]}
[]
[null,{"$f":"+'Qual, Excl & Assum'!B2","v":"PROJECT: ALTERATIONS TO 41 GREENSIDE STREET ROSEMARKIE, IV10 8AG"}]
[null,{"$f":"+'Qual, Excl & Assum'!B3","v":"DATE: 20TH NOVEMBER 2025"}]
[]
[null,"Kitchen & Bathrooms",{"$nulls":4},"RATES",{"$nulls":3},"TOTALS"]
[]
[null,"Description","Quantity","Unit","Rate","Total","Labour","Materials","L Markup","M Markup","Labour","Materials","L Markup","M Markup"]
[{"$nulls":13},{"$f":"IF(D8=0,\" \",(J8*C8))","v":" "}]
[null,"KITCHEN"]
[]
[1,"Re-Install Kitchen Units (Integrated Fridge Freezer, Dishwasher, Washing Machine, Oven, Hob & Cooker Hood) ",{"v":6,"d":"6.00"},"no.",{"$f":"G11+H11+J11+I11","v":{"v":1667.5,"d":"£1,667.50"}},{"$f":"E11*C11","v":{"v":10005,"d":"£10,005.00"}},{"v":1450,"d":"£1,450.00"},null,{"$f":"IF(D11=0,\" \",(G11)*(Details!$C$4+Details!$C$8))","v":{"v":217.50000000000003,"d":"£217.50"}},{"$f":"IF(D11=0,\" \",(H11)*(Details!$C$6+Details!$C$8))","v":{"v":0,"d":"£0.00"}},{"$f":"+G11*C11","v":{"v":8700,"d":"£8,700.00"}},{"$f":"+H11*C11","v":{"v":0,"d":"£0.00"}},{"$f":"IF(D11=0,\" \",(I11*C11))","v":{"v":1305.0000000000002,"d":"£1,305.00"}},{"$f":"IF(D11=0,\" \",(J11*C11))","v":{"v":0,"d":"£0.00"}}]
[]
[{"$f":"IF(F13<>\"\",(LARGE(A$7:A12,1)+1),\"\")","v":""},"BATHROOM "]
[{"$f":"IF(F14<>\"\",(LARGE(A$7:A12,1)+1),\"\")","v":""}]
[{"$f":"IF(F15<>\"\",(LARGE(A$7:A13,1)+1),\"\")","v":2},"Re-Install Bath Units( Toilet, Sink & Bath Tub)",{"v":3,"d":"3.00"},"no.",{"$f":"G15+H15+J15+I15","v":{"v":879.75,"d":"£879.75"}},{"$f":"E15*C15","v":{"v":2639.25,"d":"£2,639.25"}},{"v":765,"d":"£765.00"},null,{"$f":"IF(D15=0,\" \",(G15)*(Details!$C$4+Details!$C$8))","v":{"v":114.75000000000001,"d":"£114.75"}},{"$f":"IF(D15=0,\" \",(H15)*(Details!$C$6+Details!$C$8))","v":{"v":0,"d":"£0.00"}},{"$f":"+G15*C15","v":{"v":2295,"d":"£2,295.00"}},{"$f":"+H15*C15","v":{"v":0,"d":"£0.00"}},{"$f":"IF(D15=0,\" \",(I15*C15))","v":{"v":344.25000000000006,"d":"£344.25"}},{"$f":"IF(D15=0,\" \",(J15*C15))","v":{"v":0,"d":"£0.00"}}]
[3,"Re-Connect All Pipes ",{"v":4,"d":"4.00"},"no.",{"v":488.75,"d":"£488.75"},{"v":1955,"d":"£1,955.00"},{"v":425,"d":"£425.00"},null,{"$f":"IF(D16=0,\" \",(G16)*(Details!$C$4+Details!$C$8))","v":{"v":63.75000000000001,"d":"£63.75"}},{"$f":"IF(D16=0,\" \",(H16)*(Details!$C$6+Details!$C$8))","v":{"v":0,"d":"£0.00"}},{"v":1700,"d":"£1,700.00"},{"v":0,"d":"£0.00"},{"v":255.00000000000003,"d":"£255.00"},{"v":0,"d":"£0.00"}]
[]
[{"$nulls":4},"Sub Total",{"$f":"SUM(F6:F17)","v":{"v":14599.25,"d":"£14,599.25"}},{"$nulls":3},{"$f":"IF(D18=0,\" \",(G18+H18)*(Details!$C$4+Details!$C$6))","v":" "},{"$f":"SUM(K6:K17)","v":{"v":12695,"d":"£12,695.00"}},{"$f":"SUM(L6:L17)","v":{"v":0,"d":"£0.00"}},{"$f":"SUM(M6:M17)","v":{"v":1904.2500000000002,"d":"£1,904.25"}},{"$f":"SUM(N6:N17)","v":{"v":0,"d":"£0.00"}}]
[{"$f":"IF(F19<>\"\",(LARGE(A$7:A18,1)+1),\"\")","v":""},{"$nulls":8},{"$f":"IF(D19=0,\" \",(G19+H19)*(Details!$C$4+Details!$C$6))","v":" "}]

{"sheet":"Electrical","index":14,"n_rows":19,"n_cols":14,"rows_kept":19,"merged":[[4,6,4,9],[4,10,4,13]]}
[]
[null,{"$f":"+'Qual, Excl & Assum'!B2","v":"PROJECT: ALTERATIONS TO 41 GREENSIDE STREET ROSEMARKIE, IV10 8AG"}]
[null,{"$f":"+'Qual, Excl & Assum'!B3","v":"DATE: 20TH NOVEMBER 2025"}]
[]
[null,"Electrical",{"$nulls":4},"RATES",{"$nulls":3},"TOTALS"]
[]
[null,"Description","Quantity","Unit","Rate","Total","Labour","Materials","L Markup","M Markup","Labour","Materials","L Markup","M Markup"]
[{"$nulls":13},{"$f":"IF(D8=0,\" \",(J8*C8))","v":" "}]
[null,"UNITS"]
[]
[1,"BS7671 compliant consumer units with SPD & RCBP",{"v":2,"d":"2.00"},"no.",{"$f":"G11+H11+J11+I11","v":{"v":6486.2875,"d":"£6,486.29"}},{"$f":"E11*C11","v":{"v":12972.575,"d":"£12,972.58"}},{"v":1790.25,"d":"£1,790.25"},{"v":3850,"d":"£3,850.00"},{"$f":"IF(D11=0,\" \",(G11)*(Details!$C$4+Details!$C$8))","v":{"v":268.5375,"d":"£268.54"}},{"$f":"IF(D11=0,\" \",(H11)*(Details!$C$6+Details!$C$8))","v":{"v":577.5000000000001,"d":"£577.50"}},{"$f":"+G11*C11","v":{"v":3580.5,"d":"£3,580.50"}},{"$f":"+H11*C11","v":{"v":7700,"d":"£7,700.00"}},{"$f":"IF(D11=0,\" \",(I11*C11))","v":{"v":537.075,"d":"£537.08"}},{"$f":"IF(D11=0,\" \",(J11*C11))","v":{"v":1155.0000000000002,"d":"£1,155.00"}}]
[{"$nulls":13},{"$f":"IF(D12=0,\" \",(J12*C12))","v":" "}]
[null,"SWITCHES/SOCKETS",{"$nulls":11}," "]
[{"$nulls":13}," "]
[{"$f":"IF(F15<>\"\",(LARGE(A$7:A13,1)+1),\"\")","v":2},"Re-Install Electrical Switches & Sockets",{"v":46,"d":"46.00"},"no.",{"$f":"G15+H15+J15+I15","v":{"v":36.222125000000005,"d":"£36.22"}},{"$f":"E15*C15","v":{"v":1666.2177500000003,"d":"£1,666.22"}},{"v":9.9975,"d":"£10.00"},{"v":21.5,"d":"£21.50"},{"$f":"IF(D15=0,\" \",(G15)*(Details!$C$4+Details!$C$8))","v":{"v":1.4996250000000002,"d":"£1.50"}},{"$f":"IF(D15=0,\" \",(H15)*(Details!$C$6+Details!$C$8))","v":{"v":3.2250000000000005,"d":"£3.23"}},{"$f":"+G15*C15","v":{"v":459.88500000000005,"d":"£459.89"}},{"$f":"+H15*C15","v":{"v":989,"d":"£989.00"}},{"$f":"IF(D15=0,\" \",(I15*C15))","v":{"v":68.98275000000001,"d":"£68.98"}},{"v":148.35000000000002,"d":"£148.35"}]
[{"$f":"IF(F16<>\"\",(LARGE(A$7:A15,1)+1),\"\")","v":""}]
[{"$nulls":9},{"$f":"IF(D17=0,\" \",(G17+H17)*(Details!$C$4+Details!$C$6))","v":" "}]
[{"$nulls":4},"Sub Total",{"$f":"SUM(F6:F17)","v":{"v":14638.79275,"d":"£14,638.79"}},{"$nulls":3},{"$f":"IF(D18=0,\" \",(G18+H18)*(Details!$C$4+Details!$C$6))","v":" "},{"$f":"SUM(K6:K17)","v":{"v":4040.385,"d":"£4,040.39"}},{"$f":"SUM(L6:L17)","v":{"v":8689,"d":"£8,689.00"}},{"$f":"SUM(M6:M17)","v":{"v":606.05775,"d":"£606.06"}},{"$f":"SUM(N6:N17)","v":{"v":1303.3500000000004,"d":"£1,303.35"}}]
[{"$f":"IF(F19<>\"\",(LARGE(A$7:A18,1)+1),\"\")","v":""},{"$nulls":8},{"$f":"IF(D19=0,\" \",(G19+H19)*(Details!$C$4+Details!$C$6))","v":" "}]

{"sheet":"Mechanical","index":15,"n_rows":17,"n_cols":14,"rows_kept":17,"merged":[[4,6,4,9],[4,10,4,13]]}
[]
[null,{"$f":"+'Qual, Excl & Assum'!B2","v":"PROJECT: ALTERATIONS TO 41 GREENSIDE STREET ROSEMARKIE, IV10 8AG"}]
[null,{"$f":"+'Qual, Excl & Assum'!B3","v":"DATE: 20TH NOVEMBER 2025"}]
[]
[null,"Mechanical",{"$nulls":4},"RATES",{"$nulls":3},"TOTALS"]
[]
[null,"Description","Quantity","Unit","Rate","Total","Labour","Materials","L Markup","M Markup","Labour","Materials","L Markup","M Markup"]
[{"$nulls":13},{"$f":"IF(D8=0,\" \",(J8*C8))","v":" "}]
[null,"CYLINDER"]
[]
[1,"Re-Connect Mistubishi Ecodan Cylinder",{"v":3,"d":"3.00"},"no.",{"$f":"G11+H11+J11+I11","v":{"v":776.25,"d":"£776.25"}},{"$f":"E11*C11","v":{"v":2328.75,"d":"£2,328.75"}},{"v":675,"d":"£675.00"},null,{"$f":"IF(D11=0,\" \",(G11)*(Details!$C$4+Details!$C$8))","v":{"v":101.25000000000001,"d":"£101.25"}},{"$f":"IF(D11=0,\" \",(H11)*(Details!$C$6+Details!$C$8))","v":{"v":0,"d":"£0.00"}},{"$f":"+G11*C11","v":{"v":2025,"d":"£2,025.00"}},{"$f":"+H11*C11","v":{"v":0,"d":"£0.00"}},{"$f":"IF(D11=0,\" \",(I11*C11))","v":{"v":303.75000000000006,"d":"£303.75"}},{"$f":"IF(D11=0,\" \",(J11*C11))","v":{"v":0,"d":"£0.00"}}]
[]
[{"$f":"IF(F13<>\"\",(LARGE(A$7:A12,1)+1),\"\")","v":""}]
[{"$f":"IF(F14<>\"\",(LARGE(A$7:A13,1)+1),\"\")","v":""}]
[{"$f":"IF(F15<>\"\",(LARGE(A$7:A14,1)+1),\"\")","v":""},{"$nulls":8},{"$f":"IF(D15=0,\" \",(G15+H15)*(Details!$C$4+Details!$C$6))","v":" "}]
[{"$nulls":4},"Sub Total",{"$f":"SUM(F8:F15)","v":{"v":2328.75,"d":"£2,328.75"}},{"$nulls":3},{"$f":"IF(D16=0,\" \",(G16+H16)*(Details!$C$4+Details!$C$6))","v":" "},{"$f":"SUM(K8:K15)","v":{"v":2025,"d":"£2,025.00"}},{"$f":"SUM(L8:L15)","v":{"v":0,"d":"£0.00"}},{"$f":"SUM(M8:M15)","v":{"v":303.75000000000006,"d":"£303.75"}},{"$f":"SUM(N8:N15)","v":{"v":0,"d":"£0.00"}}]
[{"$f":"IF(F17<>\"\",(LARGE(A$7:A16,1)+1),\"\")","v":""},{"$nulls":8},{"$f":"IF(D17=0,\" \",(G17+H17)*(Details!$C$4+Details!$C$6))","v":" "}]

{"sheet":"Preliminaries","index":16,"n_rows":24,"n_cols":8,"rows_kept":24,"merged":[[4,8,4,9]]}
[]
[null,{"$f":"+'Qual, Excl & Assum'!B2","v":"PROJECT: ALTERATIONS TO 41 GREENSIDE STREET ROSEMARKIE, IV10 8AG"}]
[null,{"$f":"+'Qual, Excl & Assum'!B3","v":"DATE: 20TH NOVEMBER 2025"}]
[]
[null,"Preliminaries"]
[]
[null,"Description","Quantity","Unit","Rate","Total","Plant","Markup"]
[]
[1,"Site setup",{"v":1,"d":"1.00"},"Item",{"$f":"G9+H9+J9+I9","v":{"v":977.5,"d":"£977.50"}},{"$f":"E9*C9","v":{"v":977.5,"d":"£977.50"}},{"v":850,"d":"£850.00"},{"$f":"IF(D9=0,\" \",(G9)*(Details!$C$4+Details!$C$8))","v":{"v":127.50000000000001,"d":"£127.50"}}]
[{"$f":"IF(F10<>\"\",(LARGE(A$7:A9,1)+1),\"\")","v":2},"Rubbish removal; skips",{"v":1,"d":"1.00"},"no.",{"$f":"G10+H10+J10+I10","v":{"v":1437.5,"d":"£1,437.50"}},{"$f":"E10*C10","v":{"v":1437.5,"d":"£1,437.50"}},{"v":1250,"d":"£1,250.00"},{"$f":"IF(D10=0,\" \",(G10)*(Details!$C$4+Details!$C$8))","v":{"v":187.50000000000003,"d":"£187.50"}}]
[{"$f":"IF(F11<>\"\",(LARGE(A$7:A10,1)+1),\"\")","v":3},"Scaffolding and safe stands",{"v":1,"d":"1.00"},"item",{"v":1667.5,"d":"£1,667.50"},{"$f":"E11*C11","v":{"v":1667.5,"d":"£1,667.50"}},{"v":1450,"d":"£1,450.00"},{"$f":"IF(D11=0,\" \",(G11)*(Details!$C$4+Details!$C$8))","v":{"v":217.50000000000003,"d":"£217.50"}}]
[{"$f":"IF(F12<>\"\",(LARGE(A$7:A11,1)+1),\"\")","v":4},"Welfare facilities",{"v":1,"d":"1.00"},"item",{"v":862.5,"d":"£862.50"},{"v":862.5,"d":"£862.50"},{"v":750,"d":"£750.00"},{"$f":"IF(D12=0,\" \",(G12)*(Details!$C$4+Details!$C$8))","v":{"v":112.50000000000001,"d":"£112.50"}}]
[{"$f":"IF(F13<>\"\",(LARGE(A$7:A12,1)+1),\"\")","v":5},"Small plant and tools",{"v":1,"d":"1.00"},"item",{"v":747.5,"d":"£747.50"},{"v":747.5,"d":"£747.50"},{"v":650,"d":"£650.00"},{"$f":"IF(D13=0,\" \",(G13)*(Details!$C$4+Details!$C$8))","v":{"v":97.50000000000001,"d":"£97.50"}}]
[{"$f":"IF(F14<>\"\",(LARGE(A$7:A13,1)+1),\"\")","v":6},"Protection",{"v":1,"d":"1.00"},"item",{"v":632.5,"d":"£632.50"},{"v":632.5,"d":"£632.50"},{"v":550,"d":"£550.00"},{"$f":"IF(D14=0,\" \",(G14)*(Details!$C$4+Details!$C$8))","v":{"v":82.50000000000001,"d":"£82.50"}}]
[{"$f":"IF(F15<>\"\",(LARGE(A$7:A14,1)+1),\"\")","v":7},"Temporary supplies",{"v":1,"d":"1.00"},"item",{"v":977.5,"d":"£977.50"},{"v":977.5,"d":"£977.50"},{"v":850,"d":"£850.00"},{"$f":"IF(D15=0,\" \",(G15)*(Details!$C$4+Details!$C$8))","v":{"v":127.50000000000001,"d":"£127.50"}}]
[{"$f":"IF(F16<>\"\",(LARGE(A$7:A15,1)+1),\"\")","v":8},"Lifting and propping",{"v":1,"d":"1.00"},"item",{"v":1322.5,"d":"£1,322.50"},{"v":1322.5,"d":"£1,322.50"},{"v":1150,"d":"£1,150.00"},{"$f":"IF(D16=0,\" \",(G16)*(Details!$C$4+Details!$C$8))","v":{"v":172.50000000000003,"d":"£172.50"}}]
[{"$f":"IF(F17<>\"\",(LARGE(A$7:A16,1)+1),\"\")","v":9},"Cleaning (no allowance for sparkle clean)",{"v":1,"d":"1.00"},"item",{"v":747.5,"d":"£747.50"},{"v":747.5,"d":"£747.50"},{"v":650,"d":"£650.00"},{"$f":"IF(D17=0,\" \",(G17)*(Details!$C$4+Details!$C$8))","v":{"v":97.50000000000001,"d":"£97.50"}}]
[{"$f":"IF(F18<>\"\",(LARGE(A$7:A17,1)+1),\"\")","v":10},"Health & safety",{"v":1,"d":"1.00"},"item",{"v":1150,"d":"£1,150.00"},{"v":1150,"d":"£1,150.00"},{"v":1000,"d":"£1,000.00"},{"$f":"IF(D18=0,\" \",(G18)*(Details!$C$4+Details!$C$8))","v":{"v":150.00000000000003,"d":"£150.00"}}]
[{"$f":"IF(F19<>\"\",(LARGE(A$7:A18,1)+1),\"\")","v":11},"Insurance",{"v":1,"d":"1.00"},"item",{"v":977.5,"d":"£977.50"},{"v":977.5,"d":"£977.50"},{"v":850,"d":"£850.00"},{"$f":"IF(D19=0,\" \",(G19)*(Details!$C$4+Details!$C$8))","v":{"v":127.50000000000001,"d":"£127.50"}}]
[{"$f":"IF(F20<>\"\",(LARGE(A$7:A19,1)+1),\"\")","v":12},"Site accommodation",{"v":1,"d":"1.00"},"item",{"v":402.5,"d":"£402.50"},{"v":402.5,"d":"£402.50"},{"v":350,"d":"£350.00"},{"$f":"IF(D20=0,\" \",(G20)*(Details!$C$4+Details!$C$8))","v":{"v":52.50000000000001,"d":"£52.50"}}]
[{"$f":"IF(F21<>\"\",(LARGE(A$7:A20,1)+1),\"\")","v":13},"Management",{"v":1,"d":"1.00"},"item",{"v":2875,"d":"£2,875.00"},{"v":2875,"d":"£2,875.00"},{"v":2500,"d":"£2,500.00"},{"$f":"IF(D21=0,\" \",(G21)*(Details!$C$4+Details!$C$8))","v":{"v":375.00000000000006,"d":"£375.00"}}]
[{"$f":"IF(F22<>\"\",(LARGE(A$7:A21,1)+1),\"\")","v":""},{"$nulls":6},{"$f":"IF(D22=0,\" \",(G22)*(Details!$C$4+Details!$C$6))","v":" "}]
[{"$f":"IF(F23<>\"\",(LARGE(A$7:A22,1)+1),\"\")","v":""},{"$nulls":6},{"$f":"IF(D23=0,\" \",(G23)*(Details!$C$4))","v":" "}]
[{"$f":"IF(D24=0,\" \",(LARGE(A$9:A23,1)+1))","v":" "},{"$nulls":3},"Sub Total",{"$f":"SUM(F8:F23)","v":{"v":14777.5,"d":"£14,777.50"}}]

{"sheet":"Details","index":17,"n_rows":40,"n_cols":15,"rows_kept":40}
[]
[null,"MARKUP",{"$nulls":7},"Total Inc Prelims",{"$f":"+Summary!D36","v":{"v":131603.17924563432,"d":"£131,603.18"}}]
[]
[null,"Contractors Markup - Labour",{"v":0.1,"d":"10.00%"},{"$f":"+C4+1","v":{"v":1.1,"d":"1.10"}},{"$nulls":5},"Calculation Total",{"$f":"+(Summary!F31+Summary!G31)*1.1","v":{"v":111746.30188712849,"d":"£111,746.30"}}]
[{"$nulls":12},{"$f":"CEILING((K4/K27),4)","v":16},"Weeks"]
[null,"Contractors Markup - Materials",{"v":0.1,"d":"10.00%"},{"$f":"+C6+1","v":{"v":1.1,"d":"1.10"}}]
[{"$nulls":9},"Range 1",{"v":0,"d":"£0.00"},{"$f":"IF(AND($K$4>=K7,$K$4<=K8),N7,O7)","v":"No"},{"v":5000,"d":"£5,000.00"},"Yes","No"]
[null,"Contractors Overheads",{"v":0.05,"d":"5.00%"},{"$f":"+C8+1","v":1.05},{"$nulls":6},{"v":50000,"d":"£50,000.00"}]
[{"$nulls":9},"Range 2 ",{"$f":"K8","v":{"v":50000,"d":"£50,000.00"}},{"$f":"IF(AND($K$4>=K9,$K$4<=K10),N9,O9)","v":"Yes"},{"v":9000,"d":"£9,000.00"},"Yes","No"]
[{"$nulls":10},{"v":150000,"d":"£150,000.00"}]
[{"$nulls":9},"Range 3",{"$f":"K10","v":{"v":150000,"d":"£150,000.00"}},{"$f":"IF(AND($K$4>=K11,$K$4<=K12),N11,O11)","v":"No"},{"v":10000,"d":"£10,000.00"},"Yes","No"]
[{"$nulls":10},{"v":350000,"d":"£350,000.00"}]
[{"$nulls":9},"Range 4",{"$f":"K12","v":{"v":350000,"d":"£350,000.00"}},{"$f":"IF(AND($K$4>=K13,$K$4<=K14),N13,O13)","v":"No"},{"v":12500,"d":"£12,500.00"},"Yes","No"]
[null,"Trades - Day Rates","Client Day Rate £",{"$nulls":7},{"v":500000,"d":"£500,000.00"}]
[null,"Groundworker",0,{"$nulls":6},"Range 5",{"$f":"K14","v":{"v":500000,"d":"£500,000.00"}},{"$f":"IF(AND($K$4>=K15,$K$4<=K16),N15,O15)","v":"No"},{"v":14000,"d":"£14,000.00"},"Yes","No"]
[null,"Bricklayer",{"v":300,"d":"£300.00"},{"$nulls":7},{"v":750000,"d":"£750,000.00"}]
[null,"Roofer",0,{"$nulls":6},"Range 6",{"v":750000,"d":"£750,000.00"},{"$f":"IF(AND($K$4>=K17,$K$4<=K18),N17,O17)","v":"No"},{"v":15500,"d":"£15,500.00"},"Yes","No"]
[null,"Tiler",{"v":300,"d":"£300.00"},{"$nulls":7},{"v":1000000,"d":"£1,000,000.00"}]
[null,"Carpenter",{"v":300,"d":"£300.00"},{"$nulls":6},"Range 7",{"$f":"K18","v":{"v":1000000,"d":"£1,000,000.00"}},{"$f":"IF(AND($K$4>=K19,$K$4<=K20),N19,O19)","v":"No"},{"v":16750,"d":"£16,750.00"},"Yes","No"]
[null,"Plasterer",0,{"$nulls":7},{"v":1250000,"d":"£1,250,000.00"}]
[null,"General Trade",{"v":250,"d":"£250.00"},{"$nulls":6},"Range 8",{"$f":"K20","v":{"v":1250000,"d":"£1,250,000.00"}},{"$f":"IF(AND($K$4>=K21,$K$4<=K22),N21,O21)","v":"No"},{"v":19000,"d":"£19,000.00"},"Yes","No"]
[null,"Labourer",{"v":200,"d":"£200.00"},{"$nulls":7},{"v":1500000,"d":"£1,500,000.00"}]
[null,"Decorator",0,{"$nulls":6},"Range 9",{"$f":"K22","v":{"v":1500000,"d":"£1,500,000.00"}},{"$f":"IF(AND($K$4>=K23,$K$4<=K24),N23,O23)","v":"No"},{"v":20500,"d":"£20,500.00"},"Yes","No"]
[null,"Plumber",0,{"$nulls":7},{"v":2000000,"d":"£2,000,000.00"}]
[null,"Electrician",0,{"$nulls":6},"Range 10 - Over ",{"$f":"K24","v":{"v":2000000,"d":"£2,000,000.00"}},{"$f":"IF(AND($K$4>=K25,$K$4<=K26),N25,O25)","v":"No"},{"v":27500,"d":"£27,500.00"},"Yes","No"]
[{"$nulls":10},{"v":500000000,"d":"£500,000,000.00"}]
[{"$nulls":9},"Calculation",{"$f":"IF(L7=\"Yes\",M7)+IF(L9=\"Yes\",M9)+IF(L11=\"Yes\",M11)+IF(L13=\"Yes\",M13)+IF(L15=\"Yes\",M15)+IF(L17=\"Yes\",M17)+IF(L19=\"Yes\",M19)+IF(L21=\"Yes\",M21)+IF(L23=\"Yes\",M23)","v":{"v":9000,"d":"£9,000.00"}}]
[]
[{"$nulls":12},"Factor"]
[{"$nulls":12},{"$f":"+C15/250+IF(C15=0,1)","v":{"v":1,"d":"1.00"}}]
[{"$nulls":12},{"v":1.2,"d":"1.20"}]
[{"$nulls":12},{"v":1,"d":"1.00"}]
[{"$nulls":12},{"v":1.2,"d":"1.20"}]
[{"$nulls":12},{"v":1.2,"d":"1.20"}]
[{"$nulls":12},{"v":1,"d":"1.00"}]
[{"$nulls":12},{"$f":"+C21/220+IF(C21=0,1)","v":{"v":1.1363636363636365,"d":"1.14"}}]
[{"$nulls":12},{"$f":"+C22/150+IF(C22=0,1)","v":{"v":1.3333333333333333,"d":"1.33"}}]
[{"$nulls":12},{"$f":"+C23/220+IF(C23=0,1)","v":{"v":1,"d":"1.00"}}]
[{"$nulls":12},{"$f":"+C24/400+IF(C24=0,1)","v":{"v":1,"d":"1.00"}}]
[{"$nulls":12},{"$f":"+C25/400+IF(C25=0,1)","v":{"v":1,"d":"1.00"}}]